{"text_format":"1","workbook":"xlsx","n_sheets":1,"sheets":["inv_taller_abril2022"],"not_rendered":{"charts":0,"images":2,"macros":0,"external_links":0,"defined_names":0,"comments":0,"pivot_tables":0},"unopened":[],"bounds":{"document_bytes":16777216,"sheet_cells":100000,"rows_first":2000,"rows_last":500,"rows_between":2000,"halvings":0,"cell_chars":16384,"cell_head_chars":4096},"cells_cut":0,"cells_raw":0,"read":"whole","date_system":"1900"}

{"sheet":"inv_taller_abril2022","index":0,"n_rows":960,"n_cols":8,"rows_kept":960,"cut":false,"hidden":false,"merged":[[959,0,959,6],[628,0,628,6],[300,0,300,6],[335,6,339,6],[335,7,339,7],[666,0,670,0],[666,1,670,1],[666,2,670,2],[666,3,670,3],[666,4,670,4],[666,5,670,5],[666,6,670,6],[666,7,670,7],[335,0,339,0],[335,1,339,1],[335,2,339,2],[664,0,664,7],[6,0,10,0],[6,1,10,1],[6,2,10,2],[6,3,10,3],[6,4,10,4],[6,5,10,5],[6,6,10,6],[333,0,333,7],[335,3,339,3],[335,4,339,4],[335,5,339,5],[662,0,662,7],[663,0,663,7],[1,0,1,7],[2,0,2,7],[3,0,3,7],[331,0,331,7],[332,0,332,7],[6,7,10,7]]}
[]
["INSTITUTO DEL TABACO DE LA REPÚBLICA DOMINICANA"]
["INVENTARIO DE TALLER DE MECANICA"]
["MES DE ENERO 2026"]
[]
[]
["Fecha de adquisición y/o registro","Artículo","Código institucional","Descripción artículo","Existencia","Unidad","Costo","Valor"]
[]
[]
[]
[]
["2015-10-20","OTROS ( 12 )","B.P.TS","BALINE PIÑON PLANE TS-6000",30,"UND",1099.76,{"$f":"+G12*E12","v":32992.800000000003}]
["2015-10-20","OTROS ( 12 )","BALIN","BALINE TAPA PIÑA TD5-100",30,"UND",54.752000000000002,{"$f":"+G13*E13","v":1642.5600000000002}]
["2015-10-20","OTROS ( 12 )","BFDTP","BANDA FRENO DELANTERA TOYOTA PRADO",3,"UND",7500.0009399999999,22500.002820000002]
["2013-09-12","OTROS ( 12 )","BFTTP","BANDA FRENO TRASERA TOYOTA PRADO",3,"UND",5900,17700]
["2016-09-16","HERRAMIENTAS ( 10 )","BANDA T N","BANDAS TRACERA NISSAN",2,"UND",1300,2600]
["2016-03-09","OTROS ( 12 )","B.E.T.P.","BANDA DE EMERGENCIA TOYOTA PRADO",2,"UND",3599,7198]
["2016-03-09","HERRAMIENTAS ( 10 )","BATERIA  17-12","BATERIA 17-12 POLO P/TRACT.",5,"UND",13053.16,65265.8]
["2015-04-23","HERRAMIENTAS ( 10 )","BATERIA  N-100","BATERIA N-100 POLO P/CAMION ",1,"UND",14097.46,14097.46]
["2015-04-23","HERRAMIENTAS ( 10 )","BATERIA 15-12","BATERIA 15-12 POLO P/VEH.",3,"UND",10190.0375,30570.112500000003]
["2015-04-23","BOMBAS ( 8 )","B.A.BL88","BOMBA AGUA P/VALTRA BL88",1,"UND",41814.491800000003,41814.491800000003]
["2015-04-23","BOMBAS ( 8 )","B.A.TD5","BOMBA DE AGUA  P/TD5-100",1,"UND",21721.782200000001,21721.782200000001]
["2014-02-03","BOMBAS ( 8 )","BANH","BOMBA  AGUA N.H TS6000",1,"UND",8024,8024]
["2016-03-14","BOMBAS ( 8 )","B.TBL88","BOMBA TRANS.P/VALTRA BL88",1,"UND",7376.3451999999997,7376.3451999999997]
["2016-03-14","HERRAMIENTAS ( 10 )","BOMBILLOS 1 CONTACT.","BOMBILLOS 12V 21W 1 CONTACTO",19,"UND",125,2375]
["2016-03-14","HERRAMIENTAS ( 10 )","BOMBILLOS H3 24V","BOMBILLOS H3 24V",2,"UND",225,450]
["2016-03-14","HERRAMIENTAS ( 10 )","BOMBILLOS H4","BOMBILLOS H4 24V TRACTORES",5,"UND",225,1125]
["2016-03-14","OTROS ( 12 )","B.D.F,","BOMBILLOS DE FRENOS",4,"UND",413,1652]
["2016-03-14","OTROS ( 12 )","BDC,","BOMBILLOS DIRECCIONAL",4,"UND",472,1888]
["2016-03-14","HERRAMIENTAS ( 10 )","CAMISAS MOTOR","CAMISAS MOTOR FORD 6610",4,"UND",1564.97,6259.88]
["2016-03-14","OTROS ( 12 )","C.T.E.R","CANDAD.TUERC.EJE RAST",2,"UND",3.8,7.6]
["2016-03-14","OTROS ( 12 )","CACT,","CAS.ATRAS.CHUM.TREN TD5-100",1,"UND",826,826]
["2016-03-14","OTROS ( 12 )","C.C.T","CASQUILLO CHUMA.TREN TS-6000",1,"UND",2478,2478]
["2016-03-14","OTROS ( 12 )","C.M.C.T","CAS.MED.CHU.TREN TD5-100",1,"UND",3976.6,3976.6]
["2016-03-14","OTROS ( 12 )","C.P.TS","CASQUILLO PIÑA TS-6000",2,"UND",708,1416]
["2016-03-14","OTROS ( 12 )","CACT","CAS.ATRA.CHU.TREN TS-6000",1,"UND",3706.2384000000002,3706.2384000000002]
["2018-04-10","OTROS ( 12 )","CAS","CASQUILLO PIÑA TD5-100",1,"UND",856.32600000000002,856.32600000000002]
["2016-10-25","OTROS ( 12 )","CASQUI","CAS.DELAN.CHU.TREN TD5-100",1,"UND",5718.28,5718.28]
["2016-10-25","OTROS ( 12 )","CMCT","CAS.MED.CHU.TREN TS-6000",1,"UND",3514.2995999999998,3514.2995999999998]
["2016-10-25","OTROS ( 12 )","C.E.C.","CHU.EJE.CAR.HYUNDAY F-01",1,"UND",4484,4484]
["2016-03-09","OTROS ( 12 )","C.T.T.P.","CORREA DEL TIEMPO TOYOTA PRADO",1,"UND",6490,6490]
["2017-03-09","HERRAMIENTAS ( 10 )","CORREA","CORREA AX41",2,"UND",799,1598]
["2017-03-09","HERRAMIENTAS ( 10 )","CORREA 1737013A0940","CORREA 17070 13 A 0940",2,"UND",300,600]
["2017-03-09","HERRAMIENTAS ( 10 )","CORREA A1046LD","CORREA OPTIBELT A1046LD",2,"UND",412,824]
["2017-09-17","HERRAMIENTAS ( 10 )","CORREA DAYCO 17295","CORREA DAYCO 13A07501",1,"UND",262.5,262.5]
["2017-09-17","HERRAMIENTAS ( 10 )","CORREA DAYCO 17350","CORREA 13 A 0890 17350",1,"UND",300,300]
["2016-02-09","HERRAMIENTAS ( 10 )","CORREA.","CORREA AX49",1,"UND",1205.96,1205.96]
["2016-02-09","HERRAMIENTAS ( 10 )","CORREA...","CORREA AX52",1,"UND",1738.14,1738.14]
["2017-01-24","HERRAMIENTAS ( 10 )","CORREAS 17515","CORREAS 17575",2,"UND",250,500]
["2016-02-09","HERRAMIENTAS ( 10 )","CORREAS 5425","CORREAS 15425",1,"UND",200,200]
["2016-02-09","HERRAMIENTAS ( 10 )","CORREAS AX53","CORREAS HERCULES AX53",3,"UND",400,1200]
["2016-02-09","OTROS ( 12 )","C.A.H.C","CORREAS AIRE HYUNDAY F-01",2,"UND",2242,4484]
["2016-02-09","OTROS ( 12 )","CATHC","C.ATERNADOR HYUNDAY F-01",2,"UND",1298,2596]
["2016-02-09","HERRAMIENTAS ( 10 )","CRUCETA GMB","CRUCETA GMB",2,"UND",475,950]
["2016-02-09","OTROS ( 12 )","C.P.C.T","CUBRE POLVO TS-6000",1,"UND",624.57399999999996,624.57399999999996]
["2016-02-09","OTROS ( 12 )","CPTD5","CUBRE POLVO P/ TD5-100",2,"UND",885,1770]
["2016-02-09","OTROS ( 12 )","D.F.TS","DISCO D/FRENO TS-6000",2,"UND",2596,5192]
["2016-02-09","FILTROS TALLER ( 24 )","F A","FILTRO AIRE 16546-T3400",4,"UND",304,1216]
["2016-02-09","FILTROS TALLER ( 24 )","F, A","FILTRO AIRE A5005",3,"UND",799.44203000000005,2398.32609]
["2016-02-09","FILTROS TALLER ( 24 )","F,A.","FILTRO AIRE 87344135",9,"UND",3759.48,33835.32]
["2016-02-09","FILTROS TALLER ( 24 )","F,H","FILTRO H. NW  BT8899",4,"UND",2970.06,11880.24]
["2016-02-09","FILTROS TALLER ( 24 )","FA,,","FILTRO AIRE 87344136",9,"UND",1880.92,16928.28]
["2016-02-09","FILTROS TALLER ( 24 )","FA. J5570","FILTRO AIRE 16546-J5570",3,"UND",542.79999999999995,1628.3999999999999]
["2016-02-09","FILTROS TALLER ( 24 )","FA1172","FILTRO AIRE 117200090150",6,"UND",1587.1,9522.5999999999985]
["2016-02-09","FILTROS TALLER ( 24 )","FA170801","FILTRO AIRE MIT. DAH. 17801-87303",4,"UND",941.64,3766.56]
["2016-02-09","FILTROS TALLER ( 24 )","FA8AF-7-5842","FILTRO AIRE 8AF-7-5842",2,"UND",892.31600000000003,1784.6320000000001]
["2016-02-09","FILTROS TALLER ( 24 )","FAA-20","FILTRO ACEITE A-20",3,"UND",1056.0999999999999,3168.2999999999997]
["2016-02-09","FILTROS TALLER ( 24 )","FAA-223","FILTRO ACITE A-223 PLUS",3,"UND",270.81,812.43000000000006]
["2017-10-05","FILTROS TALLER ( 24 )","FAA54SP","FILTRO ACITE A-54SP TRACTOR N.H.",3,"UND",389.4,1168.1999999999998]
["2017-03-09","FILTROS TALLER ( 24 )","FAA5541","FILTRO AIRE 46562 A5541",6,"UND",1453.17,8719.02]
["2017-03-09","FILTROS TALLER ( 24 )","FAAD56","FILTRO ACEITE 4D56 AD-51343",10,"UND",354,3540]
["2017-03-09","FILTROS TALLER ( 24 )","FAB7179","FILTRO ACEITE B-7179",5,"UND",531,2655]
["2017-03-09","FILTROS TALLER ( 24 )","FABT1600","FILTRO ACEITE BT 838257421PF1600",3,"UND",2883.92,8651.76]
["2017-03-09","FILTROS TALLER ( 24 )","FABT9471","FILTRO ACEITE BT-9471",7,"UND",1204.78,8433.4599999999991]
["2017-03-09","FILTROS TALLER ( 24 )","FAC,","FILTRO AIRE CANTER ME017242",3,"UND",767,2301]
["2016-02-09","FILTROS TALLER ( 24 )","FAC-1008","FILTRO ACEITE C-1008",7,"UND",604.48181999999997,4231.3727399999998]
["2016-02-09","FILTROS TALLER ( 24 )","FAC71791","FILTRO ACEITE CAMION M. 51791",6,"UND",472,{"$f":"+G77*E77","v":2832}]
["2016-02-09","FILTROS TALLER ( 24 )","FACAN","FILTRO AIRE CANTER",3,"UND",767,2301]
["2016-02-09","FILTROS TALLER ( 24 )","FAD.","FILTRO AIRE DAH.178001-87003",4,"UND",960.52,3842.08]
["2016-02-09","FILTROS TALLER ( 24 )","FAFD22","FILTRO AIRE F.D22QD32VM00A",1,"UND",236,236]
["2016-02-09","FILTROS TALLER ( 24 )","FAM17801-50040","FILTRO AIRE MOTOR 17801-50040",6,"UND",290.27999999999997,1741.6799999999998]
["2016-02-09","FILTROS TALLER ( 24 )","FAMO","FILTRO AIRE MOTERO 01",3,"UND",1003,3009]
["2016-02-09","FILTROS TALLER ( 24 )","FANF","FILTRO AIRE NISSAN F. 16546-25601",10,"UND",672.33333000000005,6723.3333000000002]
["2016-02-09","FILTROS TALLER ( 24 )","FANH","FILTRO ACEITE N.H.57794 BT8899",1,"UND",2200.6999999999998,2200.6999999999998]
["2016-02-09","FILTROS TALLER ( 24 )","FATD-008","FILTRO AIRE 82008600",4,"UND",4839.18,19356.72]
["2016-02-09","FILTROS TALLER ( 24 )","FATF008.","FILTRO AIRE 82008601",4,"UND",389.4,1557.6]
["2016-02-09","FILTROS TALLER ( 24 )","FAUA5540","FILTRO AIRE UNIV 46569 A5540",6,"UND",1925.76,11554.56]
["2016-02-09","FILTROS TALLER ( 24 )","FAW719/15","FILTRO ACEITE W719/15",2,"UND",433.65,867.3]
["2016-02-09","FILTROS TALLER ( 24 )","FG FC-1022","FILTRO GASOIL FC-1022",1,"UND",313.88,313.88]
["2016-02-09","FILTROS TALLER ( 24 )","FG PS-6643","FILTRO GASOIL PS-6643",4,"UND",1085.0325,4340.13]
["2016-02-09","FILTROS TALLER ( 24 )","FG14B","FILTRO G.14B UNION 4053",5,"UND",188.8,944]
["2016-02-09","FILTROS TALLER ( 24 )","FGA,","FILTRO GASOIL FC1104",5,"UND",216.25488000000001,1081.2744]
["2016-02-09","FILTROS TALLER ( 24 )","FGA-33358","FILTRO GASOIL A-33358",4,"UND",398.25,1593]
["2016-02-09","FILTROS TALLER ( 24 )","FGBF7608","FILTRO GASOIL BF7608",2,"UND",775.26,1550.52]
["2016-02-09","FILTROS TALLER ( 24 )","FGBF884","FILTRO GASOIL BF 884",3,"UND",1189.1096,3567.3288000000002]
["2016-02-09","FILTROS TALLER ( 24 )","FGFORD","FILTRO GASOIL FORD73 33417",2,"UND",802.4,1604.8]
["2016-02-09","FILTROS TALLER ( 24 )","FGMIT.","FILTRO GASOIL MIT.A-292",3,"UND",259.60000000000002,778.80000000000007]
["2016-02-09","FILTROS TALLER ( 24 )","FGNTD27","FILTRO GASOIL N.TD27 FC-1806",1,"UND",236,236]
["2016-02-09","FILTROS TALLER ( 24 )","FGSFF-J","FILTRO GASOIL SFF-J7056-64010",4,"UND",487.82233000000002,1951.2893200000001]
["2016-02-09","FILTROS TALLER ( 24 )","FIL A","FILTRO AIRE 16405-02N10",3,"UND",173.20414,519.61241999999993]
["2016-02-09","FILTROS TALLER ( 24 )","FL3321","FILTROS L3321",19,"UND",472,8968]
["2016-02-09","FILTROS TALLER ( 24 )","F ACEI. LU.FINPH6715","FILTRO ACEITE LUB.FIN.PH6715 FORD 6610",5,"UND",379.31,1896.55]
["2016-02-09","FILTROS TALLER ( 24 )","F ACEI. WIX 51602","FILTRO ACEITE PLANTA CUMMINS",8,"UND",270,2160]
["2016-02-09","FILTROS TALLER ( 24 )","F ACEI.BALD.BD355","FILTRO ACEITE MITSUBISHI ",3,"UND",410,1230]
["2016-02-09","FILTROS TALLER ( 24 )","F ACEI.FLET.G.LF3345","FILTRO ACEITE PLANT.CUMMINS",1,"UND",256.35199999999998,256.35199999999998]
["2016-02-09","FILTROS TALLER ( 24 )","F ACEI.WIX 51607","FILTRO ACEITE PLANT.CUMINS",5,"UND",125,625]
["2016-02-09","FILTROS TALLER ( 24 )","F GAS 23390-64480","FILTRO GS.TANAKA PRADO",2,"UND",521,1042]
["2016-02-09","FILTROS TALLER ( 24 )","F GAS. 23390-OL010","FILTRO GASOIL HILUX",2,"UND",290,580]
["2016-02-09","FILTROS TALLER ( 24 )","F GAS. BALD.BF1205-S","FILTRO GASOIL NEW.HOL.6000",7,"UND",917.29304000000002,6421.0512799999997]
["2016-02-09","FILTROS TALLER ( 24 )","F GAS. BALD.P7088","FILTRO GASOIL PLANT. CATERP.",5,"UND",420,2100]
["2016-02-09","FILTROS TALLER ( 24 )","F GAS. BALDWIN FP-10","FILTRO GASOIL PLANT. CATERP.",2,"UND",241,482]
["2016-02-09","FILTROS TALLER ( 24 )","F GAS. LFF-8930","FILTRO GASOIL TOYOTA RUNNER",6,"UND",521,3126]
["2016-02-09","FILTROS TALLER ( 24 )","F GAS. WIX 33138","FILTRO GASOIL TOYOTA",3,"UND",236,708]
["2016-02-09","FILTROS TALLER ( 24 )","F GAS. WIX 33196","FILTRO GASOIL NEW HOL. TS120",1,"UND",742,742]
["2016-02-09","FILTROS TALLER ( 24 )","F GAS. WIX 33352","FILTRO GASOIL PLANTA CATERP.",2,"UND",330,660]
["2016-02-09","FILTROS TALLER ( 24 )","F GAS. WIX 33386","FILTRO GASOIL CAMION CANTER",2,"UND",397,794]
["2016-02-09","FILTROS TALLER ( 24 )","F GAS.33239 ","FILTRO GASOIL INTERN.Y/O COMASU",8,"UND",267,2136]
["2016-02-09","FILTROS TALLER ( 24 )","F GAS.BALD.BF7532","FILTRO GASOIL NISSAN CIVILIAN",2,"UND",367,734]
["2016-02-09","FILTROS TALLER ( 24 )","F GAS.LUB.F.FP-941F","FILTRO G. MITS. 5103-0015",2,"UND",312,624]
["2020-01-31","FILTROS TALLER ( 24 )","F HID.F.G.51712","FILTRO HIDRAU. NISSAN FRONTIER",2,"UND",669,1338]
["2020-01-31","FILTROS TALLER ( 24 )","F HID.WIX 51791","FILTRO HIDRAUL. PLANTA CATERP.",1,"UND",330,330]
["2020-01-31","FILTROS TALLER ( 24 )","FA. 52087","FILTRO AIRE PUROL.PLANTA CATERPILAR",4,"UND",1900,7600]
["2020-01-31","FILTROS TALLER ( 24 )","FA. CA1588SY FORD","FILTRO AIRE FORD 6610",2,"UND",1136.5,2273]
["2020-01-31","FILTROS TALLER ( 24 )","FA. LAF 1741","FILTRO  AIRE TRACTOR YANMAR",2,"UND",2035,4070]
["2020-01-31","FILTROS TALLER ( 24 )","FA. N/R","FILTRO AIRE N/R PLANTA CUMINGS",1,"UND",1002,1002]
["2020-01-31","FILTROS TALLER ( 24 )","FA. PA2432  FORD ","FILTRO AIRE FORD 6610",1,"UND",997,997]
["2020-01-31","FILTROS TALLER ( 24 )","FA. WIX 42852 ","FILTRO AIRE PLANTA CATERPILAR",2,"UND",1895,3790]
["2020-01-31","FILTROS TALLER ( 24 )","FA.17801-0C010","FILTRO AIRE HILUX",2,"UND",305,610]
["2020-01-31","FILTROS TALLER ( 24 )","FA.17801-56010 ","FILTRO AIRE CAMION DAIHATSU",2,"UND",455,910]
["2020-01-31","FILTROS TALLER ( 24 )","10-B6","FILTRO ACEITE 20639610 10-B6",10,"UND",708,7080]
["2020-01-31","FILTROS TALLER ( 24 )","5450","FILTRO AIRE AC5450",8,"UND",7906,63248]
["2020-01-31","FILTROS TALLER ( 24 )","C.A.5450","FILTRO AIRE 549276 CA5450",8,"UND",5310,42480]
["2020-01-31","HERRAMIENTAS ( 10 )","FLASH DIRECCIONAL","FLAS DIRECCIONAL",1,"UND",275,275]
["2020-01-31","HERRAMIENTAS ( 10 )","14924","GOMAS P/T 14-9-24",2,"UND",26483.992620000001,52967.985240000002]
["2020-01-31","HERRAMIENTAS ( 10 )","G-18434","GOMAS 18-4-34",2,"UND",51257.49785,102514.9957]
["2020-01-31","NEMATICOS ( 5 )","G235.","GOMAS 235-75/15",4,"UND",9019.5660000000007,36078.264000000003]
["2020-01-31","OTROS ( 12 )","G18-430","GOMAS 18-4-30 RI",5,"UND",33669.553599999999,168347.76799999998]
["2020-01-31","OTROS ( 12 )","G460/85/R38","GOMAS 460/85/R38",1,"UND",71980,71980]
["2020-01-31","HERRAMIENTAS ( 10 )","JUNTA DEL KRANK","JUNTA DEL KRANK",1,"UND",6703.5564000000004,6703.5564000000004]
["2020-01-31","HERRAMIENTAS ( 10 )","MANGUERA.","MANGUERA HIDRAULICA",2,"UND",3543.2699400000001,7086.5398800000003]
["2020-01-31","OTROS ( 12 )","MACMC","MOTOR ARRANQUE CAMION MITSUBISHI CANTER",1,"UND",14500.0052,{"$f":"+G141*E141","v":14500.0052}]
["2020-01-31","OTROS ( 12 )","MTTD5","MOTOR ARRANQUE TD5-100",1,"UND",60586.232109999997,60586.232109999997]
["2020-01-31","BOMBAS ( 8 )","BFTN","BOMBA FRENO TRASERO N.C.1993",1,"UND",6490,6490]
["2020-01-31","OTROS ( 12 )","AB 2 1/2","ABRAZADERA 2 1/2",1,"UND",97.94,97.94]
["2020-01-31","OTROS ( 12 )","AB2","ABRAZADERA 2",6,"UND",87.32,523.91999999999996]
["2020-01-31","OTROS ( 12 )","AL12.","ALAMBRE ELECTRICO ROJO #12",25,"PIES",16.52,413]
["2020-01-31","OTROS ( 12 )","ALA.","ALAMBRE AUTOMOTRIZ NEGRO #16",25,"PIES",87.733239999999995,2193.3309999999997]
["2020-01-31","OTROS ( 12 )","ALA12.","ALAMBRE ELECTRICO NEGRO #12",25,"PIES",16.52,413]
["2020-01-31","OTROS ( 12 )","ALAN.","ALAMBRE AUTOMOTRIZ ROJO #16",25,"PIES",87.733239999999995,2193.3309999999997]
["2020-01-31","OTROS ( 12 )","AR1/2.","ALAMBRE ROJO DE 1/2 PARA BATERIA",20,"PIES",312.7,6254]
["2020-01-31","OTROS ( 12 )","AR15","AROS RASTRA #15",2,"UND",8250,16500]
["2020-01-31","OTROS ( 12 )","ARN1/2.","ALAMBRE NEGRO DE 1/2  PARA BATERIA",20,"PIES",200.6,4012]
["2020-01-31","OTROS ( 12 )","B12V21W","BOMBILLOS 12V 21W",9,"UND",593.70519999999999,5343.3468000000003]
["2020-01-31","OTROS ( 12 )","BBE.","BUSHING BARRA ESTAB. L200",2,"UND",960,1920]
["2020-01-31","OTROS ( 12 )","BBTTD5","BABY BIELA T. TD5-100",1,"UND",2985.4,2985.4]
["2020-01-31","OTROS ( 12 )","BC..","BABIT CIG TD27 QD32 STD TAHO",1,"UND",1974.9659999999999,1974.9659999999999]
["2021-04-30","OTROS ( 12 )","BCA","BUSHING CATRE ABAJO L200",2,"UND",960,1920]
["2021-04-30","OTROS ( 12 )","BCA,","BUSHING CATRE ARRIBA L200 ",2,"UND",960,1920]
["2021-04-30","OTROS ( 12 )","BCLA.","BOMBA CLOUCH DE ARRIBA",1,"UND",1850.0039999999999,1850.0039999999999]
["2021-04-30","OTROS ( 12 )","BCTD27","BABIT CIG STD TD27 QD32 NDC",1,"UND",950.00620000000004,950.00620000000004]
["2021-06-30","OTROS ( 12 )","BFCDD","BANDA FRENO COMP. D.D.2006",2,"UND",3600.0030000000002,7200.0060000000003]
["2021-06-30","OTROS ( 12 )","BFCHC","BANDA FRENO COMP. H.C. MOD.2002",2,"UND",3649.9760000000001,7299.9520000000002]
["2021-06-30","OTROS ( 12 )","BFCM","BANDA FRENO COMP. M. MOD.2002",2,"UND",3799.9882200000002,7599.9764400000004]
["2021-06-30","OTROS ( 12 )","BHM","BUSHING HOJA MUELLE L200",3,"UND",960,2880]
["2021-06-30","OTROS ( 12 )","BLTNH.","BOMBA LUBICACION T. NH.",1,"UND",15264.48,15264.48]
["2021-06-30","OTROS ( 12 )","BLTTD5","BOMBA LUBICAION T TD5-100",1,"UND",23364,23364]
["2021-06-30","OTROS ( 12 )","CBX46","CORREA B X 46",1,"UND",1546,1546]
["2021-06-30","OTROS ( 12 )","CDD.","CASQUILLO DAH.DELANTERO",1,"UND",1500,1500]
["2021-06-30","OTROS ( 12 )","CDEL","CRUCETA DELTA ",3,"UND",1064.9972,3194.9916000000003]
["2021-06-30","OTROS ( 12 )","CPR","CHUMACERA P/RASTRA",2,"UND",10620,21240]
["2021-06-30","OTROS ( 12 )","CR,","COLLARINGN RASA",1,"UND",1650.0057999999999,1650.0057999999999]
["2021-06-30","OTROS ( 12 )","CRT","CAJA RIN P/TRACTORES",1,"UND",9062.4,9062.4]
["2021-06-30","OTROS ( 12 )","CT,.","CORREA TRACTOR",1,"UND",2891,2891]
["2021-06-30","OTROS ( 12 )","DC","DISCO DE CLOUCH",1,"UND",7080,7080]
["2021-06-30","OTROS ( 12 )","DCTTD5","DISCO CLUCH T TD5-100",1,"UND",11115.6,11115.6]
["2021-06-30","OTROS ( 12 )","ER18","EJE DE RASTRA 18",3,"UND",44812.293599999997,134436.88079999998]
["2021-06-30","OTROS ( 12 )","EXT","EXTENCION ELECTRICA DE 50 PIE DE 110 VOL",1,"UND",1441.96,1441.96]
["2021-06-30","OTROS ( 12 )","F.10","FUSIBLE #10 DE MUELITA",5,"UND",74.811999999999998,374.06]
["2021-06-30","OTROS ( 12 )","F15","FUSIBLE #15 DE MUELITA",5,"UND",92.574539999999999,462.87270000000001]
["2021-06-30","OTROS ( 12 )","F20","FUSIBLE #20 DE CARTUCHO DE VIDRIO",5,"UND",5.9,29.5]
["2021-06-30","OTROS ( 12 )","F25","FUSIBLE #25 DE MUELITA",5,"UND",72.451999999999998,362.26]
["2021-06-30","OTROS ( 12 )","F30","FUSIBLE #30 DE MUELITA",5,"UND",74.34,371.70000000000005]
["2021-06-30","OTROS ( 12 )","FA. 1714","FILTRO AIRE LAF 1714",2,"UND",800,1600]
["2021-06-30","OTROS ( 12 )","FA.BT8420","FILTRO ACEITE BT 8420",2,"UND",670,1340]
["2021-06-30","OTROS ( 12 )","FA9275","FILTRO AIRE 9275",1,"UND",1315.95461,1315.95461]
["2021-06-30","OTROS ( 12 )","FA9276,","FILTRO AIRE 9276",1,"UND",1111.56,1111.56]
["2021-06-30","OTROS ( 12 )","FAL3321","FILTRO ACEITE L3321",6,"UND",460.2,2761.2]
["2021-06-30","OTROS ( 12 )","FAM","FILTRO ACEITE MITS. 1500A098",2,"UND",1029.55,2059.1]
["2021-06-30","OTROS ( 12 )","FAM,","FILTRO AIRE MITSUBISHI",5,"UND",701.39200000000005,3506.96]
["2021-06-30","OTROS ( 12 )","FAPH","FILTRO ACEITE PH8A",6,"UND",211.86364,1271.18184]
["2021-06-30","OTROS ( 12 )","FH3373K","FILTRO HID. 3373K758-AA",3,"UND",3000,9000]
["2021-06-30","OTROS ( 12 )","FPA","FILTRO PEQ. AIRE GOLD",1,"UND",800,800]
["2021-06-30","OTROS ( 12 )","FUS10","FUSIBLE 10",1,"UND",33.04,33.04]
["2021-06-30","OTROS ( 12 )","FUS15","FUSIBLE 15",3,"UND",44.84,134.52000000000001]
["2021-06-30","OTROS ( 12 )","FUS20","FUSIBLE 20",1,"UND",90.623999999999995,90.623999999999995]
["2021-06-30","OTROS ( 12 )","FUS30","FUSIBLE 30",1,"UND",67.260000000000005,67.260000000000005]
["2021-06-30","OTROS ( 12 )","G.700R16","GOMAS 700R16",5,"UND",8550.4615400000002,42752.307700000005]
["2021-06-30","OTROS ( 12 )","G245-70R16","GOMAS 245-70R16 ",12,"UND",6254,75048]
["2021-06-30","OTROS ( 12 )","G420/85/R28","GOMAS 420/85/R28",3,"UND",47495,142485]
["2021-06-30","OTROS ( 12 )","JALON","JALON",1,"UND",9800,9800]
["2021-06-30","OTROS ( 12 )","JATTD5","JUEGO ANILLA T.NH. TD5-100",1,"UND",4698.76,4698.76]
["2021-06-30","OTROS ( 12 )","JBDNF5","JUEGO BANDA DELANTERO N.",1,"UND",1545.8,1545.8]
["2021-06-30","OTROS ( 12 )","JBFTN","JUEGO BANDA FRENO TRAS.N.C.1993",2,"UND",3900.0003000000002,7800.0006000000003]
["2021-06-30","OTROS ( 12 )","JBTNF5","JUEGO BANDA TRASERO N.",1,"UND",2616.06,2616.06]
["2021-06-30","OTROS ( 12 )","JCF019","JUNTA CULATA  (TD5-100)",1,"UND",2230.1999999999998,{"$f":"+G205*E205","v":2230.1999999999998}]
["2021-06-30","OTROS ( 12 )","JJQD32","JUEGO JUNTA QD32",1,"UND",3950.0028000000002,3950.0028000000002]
["2021-06-30","OTROS ( 12 )","KBKM","KOMBAT BRAKET BANDA MIST. C.",1,"UND",800,800]
["2021-06-30","OTROS ( 12 )","KRTD","KIT RETENEDORA TREN DEL. NH.",1,"UND",15608.544400000001,15608.544400000001]
["2021-06-30","OTROS ( 12 )","LV18","LIMPIA VIDRIO 18",2,"UND",570.17600000000004,1140.3520000000001]
["2021-06-30","OTROS ( 12 )","LV24HC","LIMPIA VIDRIO N.24 (H.C. F001)",2,"UND",1860.9426000000001,3721.8852000000002]
["2021-06-30","OTROS ( 12 )","LV26HC","LIMPIA VIDRIO N.26 (H.C. F001)",2,"UND",1973.7270000000001,3947.4540000000002]
["2021-06-30","OTROS ( 12 )","LVD20JP","LIMPIA VIDRIO D. N20 (J.P.)",1,"UND",1691.7660000000001,1691.7660000000001]
["2021-06-30","OTROS ( 12 )","LVD20NF","LIMPIA VIDRIO D. N.20 (N.F. F005)",12,"UND",1691.7660000000001,20301.192000000003]
["2021-06-30","OTROS ( 12 )","LVD26","LIMPIA VIDRIO D. N.26 (J.P.)",1,"UND",1973.5735999999999,1973.5735999999999]
["2021-06-30","OTROS ( 12 )","LVDN18NF","LIMPIA VIDRIO D. N.18 (N.F. F005)",12,"UND",1738.7536,20865.0432]
["2021-06-30","OTROS ( 12 )","LVG16JP","LIMPIA V. GUARDIAN T. N16 (J.P.)",1,"UND",1644.7665999999999,1644.7665999999999]
["2021-06-30","OTROS ( 12 )","MANGR.","MANGUERA P/RASTRA",4,"UND",4583.12,18332.48]
["2021-06-30","OTROS ( 12 )","MAP/TTS120","MOTOR ARRANQUE P/T.NH. TS120",1,"UND",29911.583999999999,29911.583999999999]
["2021-06-30","OTROS ( 12 )","MAP/TVL","MOTOR ARRANQUE P/T.VALTRA. BL88",1,"UND",28281.237000000001,28281.237000000001]
["2021-06-30","OTROS ( 12 )","MR.","MANGUERA RADIADOR 188286-C",1,"UND",530,530]
["2021-06-30","OTROS ( 12 )","P.B.TS","PLATO DE BOLA TS-6000",1,"UND",67024.896800000002,67024.896800000002]
["2021-06-30","OTROS ( 12 )","PCLOUCH","PLATO DE CLOUCH",1,"UND",9440,9440]
["2021-06-30","OTROS ( 12 )","PCTTD5","PLATO CLOCHE T TD5-100",1,"UND",49560,49560]
["2021-06-30","OTROS ( 12 )","PL7","PANTALLA LED 7",2,"UND",1350.0026,2700.0052000000001]
["2021-06-30","OTROS ( 12 )","PLF.","PINTA LIQUIDO FRENO",13,"UND",111.58374999999999,1450.5887499999999]
["2021-06-30","OTROS ( 12 )","PMNH","PIÑON DEL MEDIO NH TS6000",2,"UND",5664,11328]
["2021-06-30","OTROS ( 12 )","PPDNH.","PIÑON PIÑA DEL.NH. TS6000",3,"UND",4818.8014000000003,14456.404200000001]
["2021-06-30","OTROS ( 12 )","PWD-40","PENETRANTE WD-40 6.6 OE ",11,"UND",227.43018000000001,2501.73198]
["2021-06-30","OTROS ( 12 )","R.67010","ROLLBEARING 67010",1,"UND",780,780]
["2021-06-30","OTROS ( 12 )","R29685/20","ROLLBEARING N.29685/20",1,"UND",550,550]
["2021-06-30","OTROS ( 12 )","RCDTNH","RETENEDORA CAJA DOBLE TNH.",1,"UND",1209.5,1209.5]
["2021-06-30","OTROS ( 12 )","RPDT","RETENEDORA PIÑA DELANT. T. TS-120",1,"UND",1800,1800]
["2021-06-30","OTROS ( 12 )","RVC","RETENDEDOR VOLANTA DE CLOUCH",1,"UND",2242,2242]
["2021-06-30","OTROS ( 12 )","SEPARA D. F.","SEPARADORES FRENO N.W.",2,"UND",991.69560000000001,1983.3912]
["2021-06-30","OTROS ( 12 )","SETD5","SWICH ENSENDIDO T. TD5-100",1,"UND",6136,6136]
["2021-06-30","OTROS ( 12 )","SPDNH","SUNCHO PIÑA DEL. NH. TS6000",1,"UND",18608.895,18608.895]
["2021-06-30","OTROS ( 12 )","SRGTD5","SINCRONICO REVERSA C/G",1,"UND",25960,25960]
["2021-06-30","OTROS ( 12 )","STM","SELLO TRASERO MOTOR",1,"UND",2342.5477999999998,2342.5477999999998]
["2021-07-01","OTROS ( 12 )","T-18-4-30","TUBOS P/G 18-4-30-RI",2,"UND",2990.3560000000002,5980.7120000000004]
["2021-07-02","OTROS ( 12 )","T420/85","TUBOS P 420/85/R28",1,"UND",3451.5,3451.5]
["2021-07-03","OTROS ( 12 )","T460/85","TUBOS P 460/85/R38",1,"UND",4897,4897]
["2021-07-04","OTROS ( 12 )","TA.85W-140","TANQUE AC. 85W-140",2,"UND",46834.2,93668.4]
["2021-07-05","OTROS ( 12 )","TA10W30H","TANQUE ACEITE 10W30 H.S.",2,"UND",44020.313000000002,88040.626000000004]
["2021-07-06","OTROS ( 12 )","TBP,","TAZA BOLA DE LA PIÑA RAST. 6306",1,"UND",2000,2000]
["2021-07-07","OTROS ( 12 )","TC.7/8X3","TORNILLO CHUMACERA 7/8/X3",12,"UND",330.4,3964.7999999999997]
["2021-07-08","OTROS ( 12 )","TEM","TERMINALES MACHO DE 1/2 PARA BATERIA",10,"UND",181.72,1817.2]
["2021-07-09","OTROS ( 12 )","TER","TERMINALES HEMBRA DE 1/2 PARA BATERIA",10,"UND",181.72,1817.2]
["2021-07-10","OTROS ( 12 )","TERM.H.","TERMINALES HEMBRA 10",50,"UND",170.17959999999999,8508.98]
["2021-07-11","OTROS ( 12 )","TFT","TETERA FRENO TRACTOR",1,"UND",413,413]
["2021-07-12","OTROS ( 12 )","TTDT.","TAZA TREN DELANT. TR.TS-6000",1,"UND",2000,2000]
["2021-07-13","OTROS ( 12 )","TURBO","TURBO MOTOR TS-6000",1,"UND",115781.9776,115781.9776]
["2021-07-14","OTROS ( 12 )","TURBO BL88","TURBO P/ VALTRA BL88",1,"UND",87084,87084]
["2021-07-15","OTROS ( 12 )","VPCDTNH","VALVULA PRESION CAJA DOBLE (TNH)",1,"UND",22739.909800000001,22739.909800000001]
["2021-07-16","OTROS ( 12 )","PHMR","PICHUETE HEMBRA P/RASTRA",5,"UND",5289.94,26449.699999999997]
["2021-07-17","OTROS ( 12 )","PMMR","PICHUETE MACHO P/RASTRA",6,"UND",531,3186]
["2021-07-18","OTROS ( 12 )","P.P.TS","PIÑONPLANETARIOTS-6000",2,"UND",5555.8293999999996,11111.658799999999]
["2021-07-19","OTROS ( 12 )","PPTD5","PIÑONESPLANETARIOTD5-100",2,"UND",6702.4,13404.8]
["2021-07-20","OTROS ( 12 )","PMTP","PIÑON MED.TAPA PIÑA TD5-100",1,"UND",7853.49,7853.49]
["2021-07-21","HERRAMIENTAS ( 10 )","PLUG BOMBILLO H4","PLUG BOMILLO H4",1,"UND",40,40]
["2021-07-22","HERRAMIENTAS ( 10 )","RELOJ K300-465","RELOJ PRESION ACEITE",1,"UND",750,750]
["2021-07-23","HERRAMIENTAS ( 10 )","RELOJ K300-478","RELOJ GENERACION TRACTORES",1,"UND",400,400]
["2021-07-24","HERRAMIENTAS ( 10 )","G265-65-17","GOMAS 265-65-17",4,"UND",7847,31388]
["2021-07-25","OTROS ( 12 )","R.T.P.C","RET.PUN.EJE.CORTA TS-6000",1,"UND",1463.318,1463.318]
["2021-07-26","OTROS ( 12 )","R.T.P.L","RET.PUN.EJE.LARGA TS-6000",1,"UND",1310.626,1310.626]
["2021-07-27","OTROS ( 12 )","RETE","RET.PUN.EJE.LARGA TD5-100",1,"UND",1850.24,1850.24]
["2021-07-28","OTROS ( 12 )","RETE,","RET.PUN.EJE.CORTA TD5-100",1,"UND",1167.5155999999999,1167.5155999999999]
["2021-07-29","OTROS ( 12 )","RTCMHC","RETE.TRASERA CIGUEÑAL MINIBUS HYUNDAY C.",1,"UND",1121,1121]
["2021-07-30","HERRAMIENTAS ( 10 )","ROLBEARING 32208M","ROLBEARING TIMKIN 32208",7,"UND",1038,7266]
["2021-07-31","HERRAMIENTAS ( 10 )","ROLBEARING 33207.A","ROLBEARING SNR 33207.A",2,"UND",550,{"$f":"+G269*E269","v":1100}]
["2021-08-01","HERRAMIENTAS ( 10 )","ROLBEARING 6305.ZZ.J","ROLBEARING SNR 6305.ZZJR.",1,"UND",270,270]
["2021-08-02","HERRAMIENTAS ( 10 )","ROLBEARING 802048","ROLBEARING FEDERAL MOGEL",1,"UND",916.66666999999995,916.66666999999995]
["2021-08-03","HERRAMIENTAS ( 10 )","ROLBEARING LM67048/1","ROLBEARING KOYO LM67048/10",10,"UND",310,3100]
["2021-08-04","HERRAMIENTAS ( 10 )","ROLBEARING M86649/10","ROLBEARING NBR M86649/10",2,"UND",550,1100]
["2021-08-05","OTROS ( 12 )","RCTTP","RODAMIENTO DE CORREA TIEMPO TOYOTA PRADO",1,"UND",6608,6608]
["2021-08-06","HERRAMIENTAS ( 10 )","ROL","ROLLBEARING 30210",1,"UND",2442.8123999999998,2442.8123999999998]
["2021-08-07","HERRAMIENTAS ( 10 )","ROLLB","ROLLBEARING 12649",4,"UND",967.55555000000004,3870.2222000000002]
["2021-08-08","OTROS ( 12 )","R3610","ROLLBERING 3610 PIÑA  D. T.",1,"UND",960,960]
["2021-08-09","OTROS ( 12 )","RC,,","ROLLBEARING 30210 P/CHUMACERA",2,"UND",1241.3599999999999,2482.7199999999998]
["2021-08-10","OTROS ( 12 )","RC..","ROLLBEARING 30207 P/CHUMACERA",1,"UND",1046.896,1046.896]
["2021-08-11","OTROS ( 12 )","ROLLBE","ROLLBEARING ROD.TD5100",2,"UND",6898.28,13796.56]
["2021-08-12","OTROS ( 12 )","RT6610","ROLBEARING 501349-10 T.6610",1,"UND",960,960]
["2021-08-13","HERRAMIENTAS ( 10 )","ROLL BEARIN PE PUN E","ROLL BEARIN PEQUEÑO PUNTA EJE",1,"1 KG",782.81,782.81]
["2021-08-14","OTROS ( 12 )","ROLOS","ROLOS RASTRA",8,"UND",636.65124000000003,5093.2099200000002]
["2021-08-15","OTROS ( 12 )","SELL","SELLO ROD.TS-6000",1,"UND",6286.3792000000003,6286.3792000000003]
["2021-08-16","OTROS ( 12 )","SELLOS","SELLO ROD.TD5-100",1,"UND",3928.1019999999999,3928.1019999999999]
["2021-08-17","HERRAMIENTAS ( 10 )","SOPORTE CARDAN 1","SOPORTE CARDAN 1",1,"UND",2950,2950]
["2021-08-18","HERRAMIENTAS ( 10 )","TANQ.ACEITE 15W40","TANQUE ACEITE 15W40",2,"UND",48776.283329999998,97552.566659999997]
["2021-08-19","HERRAMIENTAS ( 10 )","TANQUE ACEITE 20W50","TANQUE ACEITE 20W50",2,"UND",49082.1,98164.2]
["2021-08-20","HERRAMIENTAS ( 10 )","TANQUE.","TANQ, ACEI HIDRAUL ",2,"UND",35813,71626]
["2021-08-21","HERRAMIENTAS ( 10 )","TANQUE GRASA COPILLA","TANQUE GRASA COPILLA",2,"UND",29265.032500000001,58530.065000000002]
["2021-08-22","HERRAMIENTAS ( 10 )","TERMINALES #12","TERMINALES #12",32,"UND",5,160]
["2021-08-23","HERRAMIENTAS ( 10 )","TERMINALES #8","TERMINALES #8",46,"UND",5,230]
["2021-08-24","HERRAMIENTAS ( 10 )","TERMINALES NO.10","TERMINALES NO.10",7,"UND",4.5714300000000003,32.000010000000003]
["2021-08-25","OTROS ( 12 )","TOR,,","TORNILLO 5/8X2PULG. P/RASTRA",6,"UND",230.1,1380.6]
["2021-08-26","OTROS ( 12 )","TORR","TORNILLO 5/8X6PULG. P/JALON",6,"UND",566.4,3398.3999999999996]
["2021-08-27","OTROS ( 12 )","T.P.R","TOR.PIÑA RASTRA ½X2PULG",5,"UND",806.12879999999996,4030.6439999999998]
["2021-08-28","OTROS ( 12 )","CTA","CUBETA TRANSMISION AUT.",1,"UND",6667.59,6667.59]
["2021-08-29","HERRAMIENTAS ( 10 )","14-924","TUBOS P/G 14-9-24",3,"UND",2832,8496]
["2021-08-30","HERRAMIENTAS ( 10 )","18434","TUBOS P/G 18-4-34",2,"UND",4720.1297999999997,9440.2595999999994]
["2021-08-31","HERRAMIENTAS ( 10 )","70016","TUBOS 700X16 12 LONAS",17,"UND",849.6,14443.2]
["TOTAL",null,null,null,null,null,null,{"$f":"SUM(H12:H300)","v":3226105.3796800012}]
[]
[]
[]
[]
[]
[]
[]
[]
[]
[]
[]
[]
[]
[]
[]
[]
[]
[]
[]
[]
[]
[]
[]
[]
[]
[]
[]
[]
[]
[]
["INSTITUTO DEL TABACO DE LA REPÚBLICA DOMINICANA"]
["INVENTARIO DE TALLER DE MECANICA"]
["MES DE FEBRERO 2026"]
[]
["Fecha de adquisición y/o registro","Artículo","Código institucional","Descripción artículo","Existencia","Unidad","Costo","Valor"]
[]
[]
[]
[]
["2015-10-20","OTROS ( 12 )","B.P.TS","BALINE PIÑON PLANE TS-6000",30,"UND",1099.76,{"$f":"+G341*E341","v":32992.800000000003}]
["2015-10-20","OTROS ( 12 )","BALIN","BALINE TAPA PIÑA TD5-100",30,"UND",54.752000000000002,{"$f":"+G342*E342","v":1642.5600000000002}]
["2015-10-20","OTROS ( 12 )","BFDTP","BANDA FRENO DELANTERA TOYOTA PRADO",3,"UND",7500.0009399999999,22500.002820000002]
["2013-09-12","OTROS ( 12 )","BFTTP","BANDA FRENO TRASERA TOYOTA PRADO",3,"UND",5900,17700]
["2016-09-16","HERRAMIENTAS ( 10 )","BANDA T N","BANDAS TRACERA NISSAN",2,"UND",1300,2600]
["2016-03-09","OTROS ( 12 )","B.E.T.P.","BANDA DE EMERGENCIA TOYOTA PRADO",2,"UND",3599,7198]
["2016-03-09","HERRAMIENTAS ( 10 )","BATERIA  17-12","BATERIA 17-12 POLO P/TRACT.",5,"UND",13053.16,65265.8]
["2015-04-23","HERRAMIENTAS ( 10 )","BATERIA  N-100","BATERIA N-100 POLO P/CAMION ",1,"UND",14097.46,14097.46]
["2015-04-23","HERRAMIENTAS ( 10 )","BATERIA 15-12","BATERIA 15-12 POLO P/VEH.",3,"UND",10190.0375,30570.112500000003]
["2015-04-23","BOMBAS ( 8 )","B.A.BL88","BOMBA AGUA P/VALTRA BL88",1,"UND",41814.491800000003,41814.491800000003]
["2015-04-23","BOMBAS ( 8 )","B.A.TD5","BOMBA DE AGUA  P/TD5-100",1,"UND",21721.782200000001,21721.782200000001]
["2014-02-03","BOMBAS ( 8 )","BANH","BOMBA  AGUA N.H TS6000",1,"UND",8024,8024]
["2016-03-14","BOMBAS ( 8 )","B.TBL88","BOMBA TRANS.P/VALTRA BL88",1,"UND",7376.3451999999997,7376.3451999999997]
["2016-03-14","HERRAMIENTAS ( 10 )","BOMBILLOS 1 CONTACT.","BOMBILLOS 12V 21W 1 CONTACTO",19,"UND",125,2375]
["2016-03-14","HERRAMIENTAS ( 10 )","BOMBILLOS H3 24V","BOMBILLOS H3 24V",2,"UND",225,450]
["2016-03-14","HERRAMIENTAS ( 10 )","BOMBILLOS H4","BOMBILLOS H4 24V TRACTORES",5,"UND",225,1125]
["2016-03-14","OTROS ( 12 )","B.D.F,","BOMBILLOS DE FRENOS",4,"UND",413,1652]
["2016-03-14","OTROS ( 12 )","BDC,","BOMBILLOS DIRECCIONAL",4,"UND",472,1888]
["2016-03-14","HERRAMIENTAS ( 10 )","CAMISAS MOTOR","CAMISAS MOTOR FORD 6610",4,"UND",1564.97,6259.88]
["2016-03-14","OTROS ( 12 )","C.T.E.R","CANDAD.TUERC.EJE RAST",2,"UND",3.8,7.6]
["2016-03-14","OTROS ( 12 )","CACT,","CAS.ATRAS.CHUM.TREN TD5-100",1,"UND",826,826]
["2016-03-14","OTROS ( 12 )","C.C.T","CASQUILLO CHUMA.TREN TS-6000",1,"UND",2478,2478]
["2016-03-14","OTROS ( 12 )","C.M.C.T","CAS.MED.CHU.TREN TD5-100",1,"UND",3976.6,3976.6]
["2016-03-14","OTROS ( 12 )","C.P.TS","CASQUILLO PIÑA TS-6000",2,"UND",708,1416]
["2016-03-14","OTROS ( 12 )","CACT","CAS.ATRA.CHU.TREN TS-6000",1,"UND",3706.2384000000002,3706.2384000000002]
["2018-04-10","OTROS ( 12 )","CAS","CASQUILLO PIÑA TD5-100",1,"UND",856.32600000000002,856.32600000000002]
["2016-10-25","OTROS ( 12 )","CASQUI","CAS.DELAN.CHU.TREN TD5-100",1,"UND",5718.28,5718.28]
["2016-10-25","OTROS ( 12 )","CMCT","CAS.MED.CHU.TREN TS-6000",1,"UND",3514.2995999999998,3514.2995999999998]
["2016-10-25","OTROS ( 12 )","C.E.C.","CHU.EJE.CAR.HYUNDAY F-01",1,"UND",4484,4484]
["2016-03-09","OTROS ( 12 )","C.T.T.P.","CORREA DEL TIEMPO TOYOTA PRADO",1,"UND",6490,6490]
["2017-03-09","HERRAMIENTAS ( 10 )","CORREA","CORREA AX41",2,"UND",799,1598]
["2017-03-09","HERRAMIENTAS ( 10 )","CORREA 1737013A0940","CORREA 17070 13 A 0940",2,"UND",300,600]
["2017-03-09","HERRAMIENTAS ( 10 )","CORREA A1046LD","CORREA OPTIBELT A1046LD",2,"UND",412,824]
["2017-09-17","HERRAMIENTAS ( 10 )","CORREA DAYCO 17295","CORREA DAYCO 13A07501",1,"UND",262.5,262.5]
["2017-09-17","HERRAMIENTAS ( 10 )","CORREA DAYCO 17350","CORREA 13 A 0890 17350",1,"UND",300,300]
["2016-02-09","HERRAMIENTAS ( 10 )","CORREA.","CORREA AX49",1,"UND",1205.96,1205.96]
["2016-02-09","HERRAMIENTAS ( 10 )","CORREA...","CORREA AX52",1,"UND",1738.14,1738.14]
["2017-01-24","HERRAMIENTAS ( 10 )","CORREAS 17515","CORREAS 17575",2,"UND",250,500]
["2016-02-09","HERRAMIENTAS ( 10 )","CORREAS 5425","CORREAS 15425",1,"UND",200,200]
["2016-02-09","HERRAMIENTAS ( 10 )","CORREAS AX53","CORREAS HERCULES AX53",3,"UND",400,1200]
["2016-02-09","OTROS ( 12 )","C.A.H.C","CORREAS AIRE HYUNDAY F-01",2,"UND",2242,4484]
["2016-02-09","OTROS ( 12 )","CATHC","C.ATERNADOR HYUNDAY F-01",2,"UND",1298,2596]
["2016-02-09","HERRAMIENTAS ( 10 )","CRUCETA GMB","CRUCETA GMB",2,"UND",475,950]
["2016-02-09","OTROS ( 12 )","C.P.C.T","CUBRE POLVO TS-6000",1,"UND",624.57399999999996,624.57399999999996]
["2016-02-09","OTROS ( 12 )","CPTD5","CUBRE POLVO P/ TD5-100",2,"UND",885,1770]
["2016-02-09","OTROS ( 12 )","D.F.TS","DISCO D/FRENO TS-6000",2,"UND",2596,5192]
["2016-02-09","FILTROS TALLER ( 24 )","F A","FILTRO AIRE 16546-T3400",4,"UND",304,1216]
["2016-02-09","FILTROS TALLER ( 24 )","F, A","FILTRO AIRE A5005",3,"UND",799.44203000000005,2398.32609]
["2016-02-09","FILTROS TALLER ( 24 )","F,A.","FILTRO AIRE 87344135",9,"UND",3759.48,33835.32]
["2016-02-09","FILTROS TALLER ( 24 )","F,H","FILTRO H. NW  BT8899",4,"UND",2970.06,11880.24]
["2016-02-09","FILTROS TALLER ( 24 )","FA,,","FILTRO AIRE 87344136",9,"UND",1880.92,16928.28]
["2016-02-09","FILTROS TALLER ( 24 )","FA. J5570","FILTRO AIRE 16546-J5570",3,"UND",542.79999999999995,1628.3999999999999]
["2016-02-09","FILTROS TALLER ( 24 )","FA1172","FILTRO AIRE 117200090150",6,"UND",1587.1,9522.5999999999985]
["2016-02-09","FILTROS TALLER ( 24 )","FA170801","FILTRO AIRE MIT. DAH. 17801-87303",4,"UND",941.64,3766.56]
["2016-02-09","FILTROS TALLER ( 24 )","FA8AF-7-5842","FILTRO AIRE 8AF-7-5842",2,"UND",892.31600000000003,1784.6320000000001]
["2016-02-09","FILTROS TALLER ( 24 )","FAA-20","FILTRO ACEITE A-20",3,"UND",1056.0999999999999,3168.2999999999997]
["2016-02-09","FILTROS TALLER ( 24 )","FAA-223","FILTRO ACITE A-223 PLUS",3,"UND",270.81,812.43000000000006]
["2017-10-05","FILTROS TALLER ( 24 )","FAA54SP","FILTRO ACITE A-54SP TRACTOR N.H.",3,"UND",389.4,1168.1999999999998]
["2017-03-09","FILTROS TALLER ( 24 )","FAA5541","FILTRO AIRE 46562 A5541",6,"UND",1453.17,8719.02]
["2017-03-09","FILTROS TALLER ( 24 )","FAAD56","FILTRO ACEITE 4D56 AD-51343",10,"UND",354,3540]
["2017-03-09","FILTROS TALLER ( 24 )","FAB7179","FILTRO ACEITE B-7179",5,"UND",531,2655]
["2017-03-09","FILTROS TALLER ( 24 )","FABT1600","FILTRO ACEITE BT 838257421PF1600",3,"UND",2883.92,8651.76]
["2017-03-09","FILTROS TALLER ( 24 )","FABT9471","FILTRO ACEITE BT-9471",7,"UND",1204.78,8433.4599999999991]
["2017-03-09","FILTROS TALLER ( 24 )","FAC,","FILTRO AIRE CANTER ME017242",3,"UND",767,2301]
["2016-02-09","FILTROS TALLER ( 24 )","FAC-1008","FILTRO ACEITE C-1008",7,"UND",604.48181999999997,4231.3727399999998]
["2016-02-09","FILTROS TALLER ( 24 )","FAC71791","FILTRO ACEITE CAMION M. 51791",6,"UND",472,{"$f":"+G406*E406","v":2832}]
["2016-02-09","FILTROS TALLER ( 24 )","FACAN","FILTRO AIRE CANTER",3,"UND",767,2301]
["2016-02-09","FILTROS TALLER ( 24 )","FAD.","FILTRO AIRE DAH.178001-87003",4,"UND",960.52,3842.08]
["2016-02-09","FILTROS TALLER ( 24 )","FAFD22","FILTRO AIRE F.D22QD32VM00A",1,"UND",236,236]
["2016-02-09","FILTROS TALLER ( 24 )","FAM17801-50040","FILTRO AIRE MOTOR 17801-50040",6,"UND",290.27999999999997,1741.6799999999998]
["2016-02-09","FILTROS TALLER ( 24 )","FAMO","FILTRO AIRE MOTERO 01",3,"UND",1003,3009]
["2016-02-09","FILTROS TALLER ( 24 )","FANF","FILTRO AIRE NISSAN F. 16546-25601",10,"UND",672.33333000000005,6723.3333000000002]
["2016-02-09","FILTROS TALLER ( 24 )","FANH","FILTRO ACEITE N.H.57794 BT8899",1,"UND",2200.6999999999998,2200.6999999999998]
["2016-02-09","FILTROS TALLER ( 24 )","FATD-008","FILTRO AIRE 82008600",4,"UND",4839.18,19356.72]
["2016-02-09","FILTROS TALLER ( 24 )","FATF008.","FILTRO AIRE 82008601",4,"UND",389.4,1557.6]
["2016-02-09","FILTROS TALLER ( 24 )","FAUA5540","FILTRO AIRE UNIV 46569 A5540",6,"UND",1925.76,11554.56]
["2016-02-09","FILTROS TALLER ( 24 )","FAW719/15","FILTRO ACEITE W719/15",2,"UND",433.65,867.3]
["2016-02-09","FILTROS TALLER ( 24 )","FG FC-1022","FILTRO GASOIL FC-1022",1,"UND",313.88,313.88]
["2016-02-09","FILTROS TALLER ( 24 )","FG PS-6643","FILTRO GASOIL PS-6643",4,"UND",1085.0325,4340.13]
["2016-02-09","FILTROS TALLER ( 24 )","FG14B","FILTRO G.14B UNION 4053",5,"UND",188.8,944]
["2016-02-09","FILTROS TALLER ( 24 )","FGA,","FILTRO GASOIL FC1104",5,"UND",216.25488000000001,1081.2744]
["2016-02-09","FILTROS TALLER ( 24 )","FGA-33358","FILTRO GASOIL A-33358",4,"UND",398.25,1593]
["2016-02-09","FILTROS TALLER ( 24 )","FGBF7608","FILTRO GASOIL BF7608",2,"UND",775.26,1550.52]
["2016-02-09","FILTROS TALLER ( 24 )","FGBF884","FILTRO GASOIL BF 884",3,"UND",1189.1096,3567.3288000000002]
["2016-02-09","FILTROS TALLER ( 24 )","FGFORD","FILTRO GASOIL FORD73 33417",2,"UND",802.4,1604.8]
["2016-02-09","FILTROS TALLER ( 24 )","FGMIT.","FILTRO GASOIL MIT.A-292",3,"UND",259.60000000000002,778.80000000000007]
["2016-02-09","FILTROS TALLER ( 24 )","FGNTD27","FILTRO GASOIL N.TD27 FC-1806",1,"UND",236,236]
["2016-02-09","FILTROS TALLER ( 24 )","FGSFF-J","FILTRO GASOIL SFF-J7056-64010",4,"UND",487.82233000000002,1951.2893200000001]
["2016-02-09","FILTROS TALLER ( 24 )","FIL A","FILTRO AIRE 16405-02N10",3,"UND",173.20414,519.61241999999993]
["2016-02-09","FILTROS TALLER ( 24 )","FL3321","FILTROS L3321",19,"UND",472,8968]
["2016-02-09","FILTROS TALLER ( 24 )","F ACEI. LU.FINPH6715","FILTRO ACEITE LUB.FIN.PH6715 FORD 6610",5,"UND",379.31,1896.55]
["2016-02-09","FILTROS TALLER ( 24 )","F ACEI. WIX 51602","FILTRO ACEITE PLANTA CUMMINS",8,"UND",270,2160]
["2016-02-09","FILTROS TALLER ( 24 )","F ACEI.BALD.BD355","FILTRO ACEITE MITSUBISHI ",3,"UND",410,1230]
["2016-02-09","FILTROS TALLER ( 24 )","F ACEI.FLET.G.LF3345","FILTRO ACEITE PLANT.CUMMINS",1,"UND",256.35199999999998,256.35199999999998]
["2016-02-09","FILTROS TALLER ( 24 )","F ACEI.WIX 51607","FILTRO ACEITE PLANT.CUMINS",5,"UND",125,625]
["2016-02-09","FILTROS TALLER ( 24 )","F GAS 23390-64480","FILTRO GS.TANAKA PRADO",2,"UND",521,1042]
["2016-02-09","FILTROS TALLER ( 24 )","F GAS. 23390-OL010","FILTRO GASOIL HILUX",2,"UND",290,580]
["2016-02-09","FILTROS TALLER ( 24 )","F GAS. BALD.BF1205-S","FILTRO GASOIL NEW.HOL.6000",7,"UND",917.29304000000002,6421.0512799999997]
["2016-02-09","FILTROS TALLER ( 24 )","F GAS. BALD.P7088","FILTRO GASOIL PLANT. CATERP.",5,"UND",420,2100]
["2016-02-09","FILTROS TALLER ( 24 )","F GAS. BALDWIN FP-10","FILTRO GASOIL PLANT. CATERP.",2,"UND",241,482]
["2016-02-09","FILTROS TALLER ( 24 )","F GAS. LFF-8930","FILTRO GASOIL TOYOTA RUNNER",6,"UND",521,3126]
["2016-02-09","FILTROS TALLER ( 24 )","F GAS. WIX 33138","FILTRO GASOIL TOYOTA",3,"UND",236,708]
["2016-02-09","FILTROS TALLER ( 24 )","F GAS. WIX 33196","FILTRO GASOIL NEW HOL. TS120",1,"UND",742,742]
["2016-02-09","FILTROS TALLER ( 24 )","F GAS. WIX 33352","FILTRO GASOIL PLANTA CATERP.",2,"UND",330,660]
["2016-02-09","FILTROS TALLER ( 24 )","F GAS. WIX 33386","FILTRO GASOIL CAMION CANTER",2,"UND",397,794]
["2016-02-09","FILTROS TALLER ( 24 )","F GAS.33239 ","FILTRO GASOIL INTERN.Y/O COMASU",8,"UND",267,2136]
["2016-02-09","FILTROS TALLER ( 24 )","F GAS.BALD.BF7532","FILTRO GASOIL NISSAN CIVILIAN",2,"UND",367,734]
["2016-02-09","FILTROS TALLER ( 24 )","F GAS.LUB.F.FP-941F","FILTRO G. MITS. 5103-0015",2,"UND",312,624]
["2020-01-31","FILTROS TALLER ( 24 )","F HID.F.G.51712","FILTRO HIDRAU. NISSAN FRONTIER",2,"UND",669,1338]
["2020-01-31","FILTROS TALLER ( 24 )","F HID.WIX 51791","FILTRO HIDRAUL. PLANTA CATERP.",1,"UND",330,330]
["2020-01-31","FILTROS TALLER ( 24 )","FA. 52087","FILTRO AIRE PUROL.PLANTA CATERPILAR",4,"UND",1900,7600]
["2020-01-31","FILTROS TALLER ( 24 )","FA. CA1588SY FORD","FILTRO AIRE FORD 6610",2,"UND",1136.5,2273]
["2020-01-31","FILTROS TALLER ( 24 )","FA. LAF 1741","FILTRO  AIRE TRACTOR YANMAR",2,"UND",2035,4070]
["2020-01-31","FILTROS TALLER ( 24 )","FA. N/R","FILTRO AIRE N/R PLANTA CUMINGS",1,"UND",1002,1002]
["2020-01-31","FILTROS TALLER ( 24 )","FA. PA2432  FORD ","FILTRO AIRE FORD 6610",1,"UND",997,997]
["2020-01-31","FILTROS TALLER ( 24 )","FA. WIX 42852 ","FILTRO AIRE PLANTA CATERPILAR",2,"UND",1895,3790]
["2020-01-31","FILTROS TALLER ( 24 )","FA.17801-0C010","FILTRO AIRE HILUX",2,"UND",305,610]
["2020-01-31","FILTROS TALLER ( 24 )","FA.17801-56010 ","FILTRO AIRE CAMION DAIHATSU",2,"UND",455,910]
["2020-01-31","FILTROS TALLER ( 24 )","10-B6","FILTRO ACEITE 20639610 10-B6",10,"UND",708,7080]
["2020-01-31","FILTROS TALLER ( 24 )","5450","FILTRO AIRE AC5450",8,"UND",7906,63248]
["2020-01-31","FILTROS TALLER ( 24 )","C.A.5450","FILTRO AIRE 549276 CA5450",8,"UND",5310,42480]
["2020-01-31","HERRAMIENTAS ( 10 )","FLASH DIRECCIONAL","FLAS DIRECCIONAL",1,"UND",275,275]
["2020-01-31","HERRAMIENTAS ( 10 )","14924","GOMAS P/T 14-9-24",2,"UND",26483.992620000001,52967.985240000002]
["2020-01-31","HERRAMIENTAS ( 10 )","G-18434","GOMAS 18-4-34",2,"UND",51257.49785,102514.9957]
["2020-01-31","NEMATICOS ( 5 )","G235.","GOMAS 235-75/15",4,"UND",9019.5660000000007,36078.264000000003]
["2020-01-31","OTROS ( 12 )","G18-430","GOMAS 18-4-30 RI",5,"UND",33669.553599999999,168347.76799999998]
["2020-01-31","OTROS ( 12 )","G460/85/R38","GOMAS 460/85/R38",1,"UND",71980,71980]
["2020-01-31","HERRAMIENTAS ( 10 )","JUNTA DEL KRANK","JUNTA DEL KRANK",1,"UND",6703.5564000000004,6703.5564000000004]
["2020-01-31","HERRAMIENTAS ( 10 )","MANGUERA.","MANGUERA HIDRAULICA",2,"UND",3543.2699400000001,7086.5398800000003]
["2020-01-31","OTROS ( 12 )","MACMC","MOTOR ARRANQUE CAMION MITSUBISHI CANTER",1,"UND",14500.0052,{"$f":"+G470*E470","v":14500.0052}]
["2020-01-31","OTROS ( 12 )","MTTD5","MOTOR ARRANQUE TD5-100",1,"UND",60586.232109999997,60586.232109999997]
["2020-01-31","BOMBAS ( 8 )","BFTN","BOMBA FRENO TRASERO N.C.1993",1,"UND",6490,6490]
["2020-01-31","OTROS ( 12 )","AB 2 1/2","ABRAZADERA 2 1/2",1,"UND",97.94,97.94]
["2020-01-31","OTROS ( 12 )","AB2","ABRAZADERA 2",6,"UND",87.32,523.91999999999996]
["2020-01-31","OTROS ( 12 )","AL12.","ALAMBRE ELECTRICO ROJO #12",25,"PIES",16.52,413]
["2020-01-31","OTROS ( 12 )","ALA.","ALAMBRE AUTOMOTRIZ NEGRO #16",25,"PIES",87.733239999999995,2193.3309999999997]
["2020-01-31","OTROS ( 12 )","ALA12.","ALAMBRE ELECTRICO NEGRO #12",25,"PIES",16.52,413]
["2020-01-31","OTROS ( 12 )","ALAN.","ALAMBRE AUTOMOTRIZ ROJO #16",25,"PIES",87.733239999999995,2193.3309999999997]
["2020-01-31","OTROS ( 12 )","AR1/2.","ALAMBRE ROJO DE 1/2 PARA BATERIA",20,"PIES",312.7,6254]
["2020-01-31","OTROS ( 12 )","AR15","AROS RASTRA #15",2,"UND",8250,16500]
["2020-01-31","OTROS ( 12 )","ARN1/2.","ALAMBRE NEGRO DE 1/2  PARA BATERIA",20,"PIES",200.6,4012]
["2020-01-31","OTROS ( 12 )","B12V21W","BOMBILLOS 12V 21W",9,"UND",593.70519999999999,5343.3468000000003]
["2020-01-31","OTROS ( 12 )","BBE.","BUSHING BARRA ESTAB. L200",2,"UND",960,1920]
["2020-01-31","OTROS ( 12 )","BBTTD5","BABY BIELA T. TD5-100",1,"UND",2985.4,2985.4]
["2020-01-31","OTROS ( 12 )","BC..","BABIT CIG TD27 QD32 STD TAHO",1,"UND",1974.9659999999999,1974.9659999999999]
["2020-01-31","OTROS ( 12 )","BCA","BUSHING CATRE ABAJO L200",2,"UND",960,1920]
["2020-01-31","OTROS ( 12 )","BCA,","BUSHING CATRE ARRIBA L200 ",2,"UND",960,1920]
["2020-01-31","OTROS ( 12 )","BCLA.","BOMBA CLOUCH DE ARRIBA",1,"UND",1850.0039999999999,1850.0039999999999]
["2020-01-31","OTROS ( 12 )","BCTD27","BABIT CIG STD TD27 QD32 NDC",1,"UND",950.00620000000004,950.00620000000004]
["2020-01-31","OTROS ( 12 )","BFCDD","BANDA FRENO COMP. D.D.2006",2,"UND",3600.0030000000002,7200.0060000000003]
["2020-01-31","OTROS ( 12 )","BFCHC","BANDA FRENO COMP. H.C. MOD.2002",2,"UND",3649.9760000000001,7299.9520000000002]
["2020-01-31","OTROS ( 12 )","BFCM","BANDA FRENO COMP. M. MOD.2002",2,"UND",3799.9882200000002,7599.9764400000004]
["2020-01-31","OTROS ( 12 )","BHM","BUSHING HOJA MUELLE L200",3,"UND",960,2880]
["2020-01-31","OTROS ( 12 )","BLTNH.","BOMBA LUBICACION T. NH.",1,"UND",15264.48,15264.48]
["2020-01-31","OTROS ( 12 )","BLTTD5","BOMBA LUBICAION T TD5-100",1,"UND",23364,23364]
["2020-01-31","OTROS ( 12 )","CBX46","CORREA B X 46",1,"UND",1546,1546]
["2020-01-31","OTROS ( 12 )","CDD.","CASQUILLO DAH.DELANTERO",1,"UND",1500,1500]
["2020-01-31","OTROS ( 12 )","CDEL","CRUCETA DELTA ",3,"UND",1064.9972,3194.9916000000003]
["2020-01-31","OTROS ( 12 )","CPR","CHUMACERA P/RASTRA",1,"UND",10620,10620]
["2020-01-31","OTROS ( 12 )","CR,","COLLARINGN RASA",1,"UND",1650.0057999999999,1650.0057999999999]
["2020-01-31","OTROS ( 12 )","CRT","CAJA RIN P/TRACTORES",1,"UND",9062.4,9062.4]
["2020-01-31","OTROS ( 12 )","CT,.","CORREA TRACTOR",1,"UND",2891,2891]
["2020-01-31","OTROS ( 12 )","DC","DISCO DE CLOUCH",1,"UND",7080,7080]
["2020-01-31","OTROS ( 12 )","DCTTD5","DISCO CLUCH T TD5-100",1,"UND",11115.6,11115.6]
["2020-01-31","OTROS ( 12 )","ER18","EJE DE RASTRA 18",3,"UND",44812.293599999997,134436.88079999998]
["2020-01-31","OTROS ( 12 )","EXT","EXTENCION ELECTRICA DE 50 PIE DE 110 VOL",1,"UND",1441.96,1441.96]
["2020-01-31","OTROS ( 12 )","F.10","FUSIBLE #10 DE MUELITA",5,"UND",74.811999999999998,374.06]
["2020-01-31","OTROS ( 12 )","F15","FUSIBLE #15 DE MUELITA",5,"UND",92.574539999999999,462.87270000000001]
["2020-01-31","OTROS ( 12 )","F20","FUSIBLE #20 DE CARTUCHO DE VIDRIO",5,"UND",5.9,29.5]
["2020-01-31","OTROS ( 12 )","F25","FUSIBLE #25 DE MUELITA",5,"UND",72.451999999999998,362.26]
["2020-01-31","OTROS ( 12 )","F30","FUSIBLE #30 DE MUELITA",5,"UND",74.34,371.70000000000005]
["2020-01-31","OTROS ( 12 )","FA. 1714","FILTRO AIRE LAF 1714",2,"UND",800,1600]
["2020-01-31","OTROS ( 12 )","FA.BT8420","FILTRO ACEITE BT 8420",2,"UND",670,1340]
["2020-01-31","OTROS ( 12 )","FA9275","FILTRO AIRE 9275",1,"UND",1315.95461,1315.95461]
["2020-01-31","OTROS ( 12 )","FA9276,","FILTRO AIRE 9276",1,"UND",1111.56,1111.56]
["2020-01-31","OTROS ( 12 )","FAL3321","FILTRO ACEITE L3321",6,"UND",460.2,2761.2]
["2020-01-31","OTROS ( 12 )","FAM","FILTRO ACEITE MITS. 1500A098",2,"UND",1029.55,2059.1]
["2020-01-31","OTROS ( 12 )","FAM,","FILTRO AIRE MITSUBISHI",5,"UND",701.39200000000005,3506.96]
["2020-01-31","OTROS ( 12 )","FAPH","FILTRO ACEITE PH8A",6,"UND",211.86364,1271.18184]
["2020-01-31","OTROS ( 12 )","FH3373K","FILTRO HID. 3373K758-AA",3,"UND",3000,9000]
["2020-01-31","OTROS ( 12 )","FPA","FILTRO PEQ. AIRE GOLD",1,"UND",800,800]
["2020-01-31","OTROS ( 12 )","FUS10","FUSIBLE 10",1,"UND",33.04,33.04]
["2020-01-31","OTROS ( 12 )","FUS15","FUSIBLE 15",3,"UND",44.84,134.52000000000001]
["2020-01-31","OTROS ( 12 )","FUS20","FUSIBLE 20",1,"UND",90.623999999999995,90.623999999999995]
["2020-01-31","OTROS ( 12 )","FUS30","FUSIBLE 30",1,"UND",67.260000000000005,67.260000000000005]
["2020-01-31","OTROS ( 12 )","G.700R16","GOMAS 700R16",5,"UND",8550.4615400000002,42752.307700000005]
["2020-01-31","OTROS ( 12 )","G245-70R16","GOMAS 245-70R16 ",6,"UND",6254,37524]
["2020-01-31","OTROS ( 12 )","G420/85/R28","GOMAS 420/85/R28",3,"UND",47495,142485]
["2020-01-31","OTROS ( 12 )","JALON","JALON",1,"UND",9800,9800]
["2020-01-31","OTROS ( 12 )","JATTD5","JUEGO ANILLA T.NH. TD5-100",1,"UND",4698.76,4698.76]
["2020-01-31","OTROS ( 12 )","JBDNF5","JUEGO BANDA DELANTERO N.",1,"UND",1545.8,1545.8]
["2020-01-31","OTROS ( 12 )","JBFTN","JUEGO BANDA FRENO TRAS.N.C.1993",2,"UND",3900.0003000000002,7800.0006000000003]
["2020-01-31","OTROS ( 12 )","JBTNF5","JUEGO BANDA TRASERO N.",1,"UND",2616.06,2616.06]
["2020-01-31","OTROS ( 12 )","JCF019","JUNTA CULATA  (TD5-100)",1,"UND",2230.1999999999998,{"$f":"+G534*E534","v":2230.1999999999998}]
["2020-01-31","OTROS ( 12 )","JJQD32","JUEGO JUNTA QD32",1,"UND",3950.0028000000002,3950.0028000000002]
["2020-01-31","OTROS ( 12 )","KBKM","KOMBAT BRAKET BANDA MIST. C.",1,"UND",800,800]
["2020-01-31","OTROS ( 12 )","KRTD","KIT RETENEDORA TREN DEL. NH.",1,"UND",15608.544400000001,15608.544400000001]
["2020-01-31","OTROS ( 12 )","LV18","LIMPIA VIDRIO 18",2,"UND",570.17600000000004,1140.3520000000001]
["2020-01-31","OTROS ( 12 )","LV24HC","LIMPIA VIDRIO N.24 (H.C. F001)",1,"UND",1860.9426000000001,1860.9426000000001]
["2020-01-31","OTROS ( 12 )","LV26HC","LIMPIA VIDRIO N.26 (H.C. F001)",2,"UND",1973.7270000000001,3947.4540000000002]
["2023-08-31","OTROS ( 12 )","LVD20NF","LIMPIA VIDRIO D. N.20 (N.F. F005)",12,"UND",1691.7660000000001,20301.192000000003]
["2023-08-31","OTROS ( 12 )","LVD26","LIMPIA VIDRIO D. N.26 (J.P.)",1,"UND",1973.5735999999999,1973.5735999999999]
["2023-08-31","OTROS ( 12 )","LVDN18NF","LIMPIA VIDRIO D. N.18 (N.F. F005)",12,"UND",1738.7536,20865.0432]
["2023-08-31","OTROS ( 12 )","LVG16JP","LIMPIA V. GUARDIAN T. N16 (J.P.)",1,"UND",1644.7665999999999,1644.7665999999999]
["2023-08-31","OTROS ( 12 )","MANGR.","MANGUERA P/RASTRA",3,"UND",4583.12,13749.36]
["2023-08-31","OTROS ( 12 )","MAP/TTS120","MOTOR ARRANQUE P/T.NH. TS120",1,"UND",29911.583999999999,29911.583999999999]
["2023-08-31","OTROS ( 12 )","MAP/TVL","MOTOR ARRANQUE P/T.VALTRA. BL88",1,"UND",28281.237000000001,28281.237000000001]
["2023-08-31","OTROS ( 12 )","MR.","MANGUERA RADIADOR 188286-C",1,"UND",530,530]
["2023-08-31","OTROS ( 12 )","P.B.TS","PLATO DE BOLA TS-6000",1,"UND",67024.896800000002,67024.896800000002]
["2023-08-31","OTROS ( 12 )","PCLOUCH","PLATO DE CLOUCH",1,"UND",9440,9440]
["2023-08-31","OTROS ( 12 )","PCTTD5","PLATO CLOCHE T TD5-100",1,"UND",49560,49560]
["2023-08-31","OTROS ( 12 )","PL7","PANTALLA LED 7",2,"UND",1350.0026,2700.0052000000001]
["2023-08-31","OTROS ( 12 )","PLF.","PINTA LIQUIDO FRENO",13,"UND",111.58374999999999,1450.5887499999999]
["2023-08-31","OTROS ( 12 )","PMNH","PIÑON DEL MEDIO NH TS6000",2,"UND",5664,11328]
["2023-08-31","OTROS ( 12 )","PPDNH.","PIÑON PIÑA DEL.NH. TS6000",3,"UND",4818.8014000000003,14456.404200000001]
["2023-08-31","OTROS ( 12 )","PWD-40","PENETRANTE WD-40 6.6 OE ",11,"UND",227.43018000000001,2501.73198]
["2023-08-31","OTROS ( 12 )","R.67010","ROLLBEARING 67010",1,"UND",780,780]
["2023-08-31","OTROS ( 12 )","R29685/20","ROLLBEARING N.29685/20",1,"UND",550,550]
["2023-08-31","OTROS ( 12 )","RCDTNH","RETENEDORA CAJA DOBLE TNH.",1,"UND",1209.5,1209.5]
["2023-08-31","OTROS ( 12 )","RPDT","RETENEDORA PIÑA DELANT. T. TS-120",1,"UND",1800,1800]
["2023-08-31","OTROS ( 12 )","RVC","RETENDEDOR VOLANTA DE CLOUCH",1,"UND",2242,2242]
["2023-08-31","OTROS ( 12 )","SEPARA D. F.","SEPARADORES FRENO N.W.",2,"UND",991.69560000000001,1983.3912]
["2023-08-31","OTROS ( 12 )","SETD5","SWICH ENSENDIDO T. TD5-100",1,"UND",6136,6136]
["2023-08-31","OTROS ( 12 )","SPDNH","SUNCHO PIÑA DEL. NH. TS6000",1,"UND",18608.895,18608.895]
["2023-08-31","OTROS ( 12 )","SRGTD5","SINCRONICO REVERSA C/G",1,"UND",25960,25960]
["2023-08-31","OTROS ( 12 )","STM","SELLO TRASERO MOTOR",1,"UND",2342.5477999999998,2342.5477999999998]
["2023-08-31","OTROS ( 12 )","T-18-4-30","TUBOS P/G 18-4-30-RI",2,"UND",2990.3560000000002,5980.7120000000004]
["2023-08-31","OTROS ( 12 )","T420/85","TUBOS P 420/85/R28",1,"UND",3451.5,3451.5]
["2023-08-31","OTROS ( 12 )","T460/85","TUBOS P 460/85/R38",1,"UND",4897,4897]
["2023-08-31","OTROS ( 12 )","TA.85W-140","TANQUE AC. 85W-140",2,"UND",46834.2,93668.4]
["2023-08-31","OTROS ( 12 )","TA10W30H","TANQUE ACEITE 10W30 H.S.",2,"UND",44020.313000000002,88040.626000000004]
["2023-08-31","OTROS ( 12 )","TBP,","TAZA BOLA DE LA PIÑA RAST. 6306",1,"UND",2000,2000]
["2023-08-31","OTROS ( 12 )","TC.7/8X3","TORNILLO CHUMACERA 7/8/X3",12,"UND",330.4,3964.7999999999997]
["2023-08-31","OTROS ( 12 )","TEM","TERMINALES MACHO DE 1/2 PARA BATERIA",10,"UND",181.72,1817.2]
["2023-08-31","OTROS ( 12 )","TER","TERMINALES HEMBRA DE 1/2 PARA BATERIA",10,"UND",181.72,1817.2]
["2023-09-01","OTROS ( 12 )","TERM.H.","TERMINALES HEMBRA 10",50,"UND",170.17959999999999,8508.98]
["2023-09-02","OTROS ( 12 )","TFT","TETERA FRENO TRACTOR",1,"UND",413,413]
["2023-09-03","OTROS ( 12 )","TTDT.","TAZA TREN DELANT. TR.TS-6000",1,"UND",2000,2000]
["2023-09-04","OTROS ( 12 )","TURBO","TURBO MOTOR TS-6000",1,"UND",115781.9776,115781.9776]
["2023-09-05","OTROS ( 12 )","TURBO BL88","TURBO P/ VALTRA BL88",1,"UND",87084,87084]
["2023-09-06","OTROS ( 12 )","VPCDTNH","VALVULA PRESION CAJA DOBLE (TNH)",1,"UND",22739.909800000001,22739.909800000001]
["2023-09-07","OTROS ( 12 )","PHMR","PICHUETE HEMBRA P/RASTRA",5,"UND",5289.94,26449.699999999997]
["2023-09-08","OTROS ( 12 )","PMMR","PICHUETE MACHO P/RASTRA",6,"UND",531,3186]
["2023-09-09","OTROS ( 12 )","P.P.TS","PIÑONPLANETARIOTS-6000",2,"UND",5555.8293999999996,11111.658799999999]
["2023-09-10","OTROS ( 12 )","PPTD5","PIÑONESPLANETARIOTD5-100",2,"UND",6702.4,13404.8]
["2023-09-11","OTROS ( 12 )","PMTP","PIÑON MED.TAPA PIÑA TD5-100",1,"UND",7853.49,7853.49]
["2023-09-12","HERRAMIENTAS ( 10 )","PLUG BOMBILLO H4","PLUG BOMILLO H4",1,"UND",40,40]
["2023-09-13","HERRAMIENTAS ( 10 )","RELOJ K300-465","RELOJ PRESION ACEITE",1,"UND",750,750]
["2023-09-14","HERRAMIENTAS ( 10 )","RELOJ K300-478","RELOJ GENERACION TRACTORES",1,"UND",400,400]
["2023-09-15","HERRAMIENTAS ( 10 )","G265-65-17","GOMAS 265-65-17",4,"UND",7847,31388]
["2023-09-16","OTROS ( 12 )","R.T.P.C","RET.PUN.EJE.CORTA TS-6000",1,"UND",1463.318,1463.318]
["2023-09-17","OTROS ( 12 )","R.T.P.L","RET.PUN.EJE.LARGA TS-6000",1,"UND",1310.626,1310.626]
["2023-09-18","OTROS ( 12 )","RETE","RET.PUN.EJE.LARGA TD5-100",1,"UND",1850.24,1850.24]
["2023-09-19","OTROS ( 12 )","RETE,","RET.PUN.EJE.CORTA TD5-100",1,"UND",1167.5155999999999,1167.5155999999999]
["2023-09-20","OTROS ( 12 )","RTCMHC","RETE.TRASERA CIGUEÑAL MINIBUS HYUNDAY C.",1,"UND",1121,1121]
["2023-09-21","HERRAMIENTAS ( 10 )","ROLBEARING 32208M","ROLBEARING TIMKIN 32208",7,"UND",1038,7266]
["2023-09-22","HERRAMIENTAS ( 10 )","ROLBEARING 33207.A","ROLBEARING SNR 33207.A",2,"UND",550,1100]
["2023-09-23","HERRAMIENTAS ( 10 )","ROLBEARING 6305.ZZ.J","ROLBEARING SNR 6305.ZZJR.",1,"UND",270,{"$f":"+G598*E598","v":270}]
["2023-09-24","HERRAMIENTAS ( 10 )","ROLBEARING 802048","ROLBEARING FEDERAL MOGEL",1,"UND",916.66666999999995,916.66666999999995]
["2023-09-25","HERRAMIENTAS ( 10 )","ROLBEARING LM67048/1","ROLBEARING KOYO LM67048/10",10,"UND",310,3100]
["2023-09-26","HERRAMIENTAS ( 10 )","ROLBEARING M86649/10","ROLBEARING NBR M86649/10",2,"UND",550,1100]
["2023-09-27","OTROS ( 12 )","RCTTP","RODAMIENTO DE CORREA TIEMPO TOYOTA PRADO",1,"UND",6608,6608]
["2023-09-28","HERRAMIENTAS ( 10 )","ROL","ROLLBEARING 30210",1,"UND",2442.8123999999998,2442.8123999999998]
["2023-09-29","HERRAMIENTAS ( 10 )","ROLLB","ROLLBEARING 12649",4,"UND",967.55555000000004,3870.2222000000002]
["2023-09-30","OTROS ( 12 )","R3610","ROLLBERING 3610 PIÑA  D. T.",1,"UND",960,960]
["2023-10-01","OTROS ( 12 )","RC,,","ROLLBEARING 30210 P/CHUMACERA",2,"UND",1241.3599999999999,2482.7199999999998]
["2023-10-02","OTROS ( 12 )","RC..","ROLLBEARING 30207 P/CHUMACERA",1,"UND",1046.896,1046.896]
["2023-10-03","OTROS ( 12 )","ROLLBE","ROLLBEARING ROD.TD5100",2,"UND",6898.28,13796.56]
["2023-10-04","OTROS ( 12 )","RT6610","ROLBEARING 501349-10 T.6610",1,"UND",960,960]
["2023-10-05","HERRAMIENTAS ( 10 )","ROLL BEARIN PE PUN E","ROLL BEARIN PEQUEÑO PUNTA EJE",1,"1 KG",782.81,782.81]
["2023-10-06","OTROS ( 12 )","ROLOS","ROLOS RASTRA",8,"UND",636.65124000000003,5093.2099200000002]
["2023-10-07","OTROS ( 12 )","SELL","SELLO ROD.TS-6000",1,"UND",6286.3792000000003,6286.3792000000003]
["2023-10-08","OTROS ( 12 )","SELLOS","SELLO ROD.TD5-100",1,"UND",3928.1019999999999,3928.1019999999999]
["2023-10-09","HERRAMIENTAS ( 10 )","SOPORTE CARDAN 1","SOPORTE CARDAN 1",1,"UND",2950,2950]
["2023-10-10","HERRAMIENTAS ( 10 )","TANQ.ACEITE 15W40","TANQUE ACEITE 15W40",2,"UND",48776.283329999998,97552.566659999997]
["2023-10-11","HERRAMIENTAS ( 10 )","TANQUE ACEITE 20W50","TANQUE ACEITE 20W50",2,"UND",49082.1,98164.2]
["2023-10-12","HERRAMIENTAS ( 10 )","TANQUE.","TANQ, ACEI HIDRAUL ",2,"UND",35813,71626]
["2023-10-13","HERRAMIENTAS ( 10 )","TANQUE GRASA COPILLA","TANQUE GRASA COPILLA",2,"UND",29265.032500000001,58530.065000000002]
["2023-10-14","HERRAMIENTAS ( 10 )","TERMINALES #12","TERMINALES #12",32,"UND",5,160]
["2023-10-15","HERRAMIENTAS ( 10 )","TERMINALES #8","TERMINALES #8",46,"UND",5,230]
["2023-10-16","HERRAMIENTAS ( 10 )","TERMINALES NO.10","TERMINALES NO.10",7,"UND",4.5714300000000003,32.000010000000003]
["2023-10-17","OTROS ( 12 )","TOR,,","TORNILLO 5/8X2PULG. P/RASTRA",6,"UND",230.1,1380.6]
["2023-10-18","OTROS ( 12 )","TORR","TORNILLO 5/8X6PULG. P/JALON",6,"UND",566.4,3398.3999999999996]
["2023-10-19","OTROS ( 12 )","T.P.R","TOR.PIÑA RASTRA ½X2PULG",5,"UND",806.12879999999996,4030.6439999999998]
["2023-10-20","OTROS ( 12 )","CTA","CUBETA TRANSMISION AUT.",1,"UND",6667.59,6667.59]
["2023-10-21","HERRAMIENTAS ( 10 )","14-924","TUBOS P/G 14-9-24",3,"UND",2832,8496]
["2023-10-22","HERRAMIENTAS ( 10 )","18434","TUBOS P/G 18-4-34",2,"UND",4720.1297999999997,9440.2595999999994]
["2023-10-23","HERRAMIENTAS ( 10 )","70016","TUBOS 700X16 12 LONAS",17,"UND",849.6,14443.2]
["TOTAL",null,null,null,null,null,null,{"$f":"SUM(H341:H628)","v":3169825.5510800011}]
[]
[]
[]
[]
[]
[]
[]
[]
[]
[]
[]
[]
[]
[]
[]
[]
[]
[]
[]
[]
[]
[]
[]
[]
[]
[]
[]
[]
[]
[]
[]
[]
[]
["INSTITUTO DEL TABACO DE LA REPÚBLICA DOMINICANA"]
["INVENTARIO DE TALLER DE MECANICA"]
["MES DE MARZO 2026"]
[]
["Fecha de adquisición y/o registro","Artículo","Código institucional","Descripción artículo","Existencia","Unidad","Costo","Valor"]
[]
[]
[]
[]
["2015-10-20","OTROS ( 12 )","B.P.TS","BALINE PIÑON PLANE TS-6000",30,"UND",1099.76,{"$f":"+G672*E672","v":32992.800000000003}]
["2015-10-20","OTROS ( 12 )","BALIN","BALINE TAPA PIÑA TD5-100",30,"UND",54.752000000000002,{"$f":"+G673*E673","v":1642.5600000000002}]
["2015-10-20","OTROS ( 12 )","BFDTP","BANDA FRENO DELANTERA TOYOTA PRADO",2,"UND",7500.0009399999999,15000.00188]
["2013-09-12","OTROS ( 12 )","BFTTP","BANDA FRENO TRASERA TOYOTA PRADO",3,"UND",5900,17700]
["2016-09-16","HERRAMIENTAS ( 10 )","BANDA T N","BANDAS TRACERA NISSAN",2,"UND",1300,2600]
["2016-03-09","OTROS ( 12 )","B.E.T.P.","BANDA DE EMERGENCIA TOYOTA PRADO",2,"UND",3599,7198]
["2016-03-09","HERRAMIENTAS ( 10 )","BATERIA  17-12","BATERIA 17-12 POLO P/TRACT.",5,"UND",13053.16,65265.8]
["2015-04-23","HERRAMIENTAS ( 10 )","BATERIA  N-100","BATERIA N-100 POLO P/CAMION ",1,"UND",14097.46,14097.46]
["2015-04-23","HERRAMIENTAS ( 10 )","BATERIA 15-12","BATERIA 15-12 POLO P/VEH.",3,"UND",10190.0375,30570.112500000003]
["2015-04-23","BOMBAS ( 8 )","B.A.BL88","BOMBA AGUA P/VALTRA BL88",1,"UND",41814.491800000003,41814.491800000003]
["2015-04-23","BOMBAS ( 8 )","B.A.TD5","BOMBA DE AGUA  P/TD5-100",1,"UND",21721.782200000001,21721.782200000001]
["2014-02-03","BOMBAS ( 8 )","BANH","BOMBA  AGUA N.H TS6000",1,"UND",8024,8024]
["2016-03-14","BOMBAS ( 8 )","B.TBL88","BOMBA TRANS.P/VALTRA BL88",1,"UND",7376.3451999999997,7376.3451999999997]
["2016-03-14","HERRAMIENTAS ( 10 )","BOMBILLOS 1 CONTACT.","BOMBILLOS 12V 21W 1 CONTACTO",19,"UND",125,2375]
["2016-03-14","HERRAMIENTAS ( 10 )","BOMBILLOS H3 24V","BOMBILLOS H3 24V",2,"UND",225,450]
["2016-03-14","HERRAMIENTAS ( 10 )","BOMBILLOS H4","BOMBILLOS H4 24V TRACTORES",5,"UND",225,1125]
["2016-03-14","OTROS ( 12 )","B.D.F,","BOMBILLOS DE FRENOS",4,"UND",413,1652]
["2016-03-14","OTROS ( 12 )","BDC,","BOMBILLOS DIRECCIONAL",4,"UND",472,1888]
["2016-03-14","HERRAMIENTAS ( 10 )","CAMISAS MOTOR","CAMISAS MOTOR FORD 6610",4,"UND",1564.97,6259.88]
["2016-03-14","OTROS ( 12 )","C.T.E.R","CANDAD.TUERC.EJE RAST",2,"UND",3.8,7.6]
["2016-03-14","OTROS ( 12 )","CACT,","CAS.ATRAS.CHUM.TREN TD5-100",1,"UND",826,826]
["2016-03-14","OTROS ( 12 )","C.C.T","CASQUILLO CHUMA.TREN TS-6000",1,"UND",2478,2478]
["2016-03-14","OTROS ( 12 )","C.M.C.T","CAS.MED.CHU.TREN TD5-100",1,"UND",3976.6,3976.6]
["2016-03-14","OTROS ( 12 )","C.P.TS","CASQUILLO PIÑA TS-6000",2,"UND",708,1416]
["2016-03-14","OTROS ( 12 )","CACT","CAS.ATRA.CHU.TREN TS-6000",1,"UND",3706.2384000000002,3706.2384000000002]
["2018-04-10","OTROS ( 12 )","CAS","CASQUILLO PIÑA TD5-100",1,"UND",856.32600000000002,856.32600000000002]
["2016-10-25","OTROS ( 12 )","CASQUI","CAS.DELAN.CHU.TREN TD5-100",1,"UND",5718.28,5718.28]
["2016-10-25","OTROS ( 12 )","CMCT","CAS.MED.CHU.TREN TS-6000",1,"UND",3514.2995999999998,3514.2995999999998]
["2016-10-25","OTROS ( 12 )","C.E.C.","CHU.EJE.CAR.HYUNDAY F-01",1,"UND",4484,4484]
["2016-03-09","OTROS ( 12 )","C.T.T.P.","CORREA DEL TIEMPO TOYOTA PRADO",1,"UND",6490,6490]
["2017-03-09","HERRAMIENTAS ( 10 )","CORREA","CORREA AX41",2,"UND",799,1598]
["2017-03-09","HERRAMIENTAS ( 10 )","CORREA 1737013A0940","CORREA 17070 13 A 0940",2,"UND",300,600]
["2017-03-09","HERRAMIENTAS ( 10 )","CORREA A1046LD","CORREA OPTIBELT A1046LD",2,"UND",412,824]
["2017-09-17","HERRAMIENTAS ( 10 )","CORREA DAYCO 17295","CORREA DAYCO 13A07501",1,"UND",262.5,262.5]
["2017-09-17","HERRAMIENTAS ( 10 )","CORREA DAYCO 17350","CORREA 13 A 0890 17350",1,"UND",300,300]
["2016-02-09","HERRAMIENTAS ( 10 )","CORREA.","CORREA AX49",1,"UND",1205.96,1205.96]
["2016-02-09","HERRAMIENTAS ( 10 )","CORREA...","CORREA AX52",1,"UND",1738.14,1738.14]
["2017-01-24","HERRAMIENTAS ( 10 )","CORREAS 17515","CORREAS 17575",2,"UND",250,500]
["2016-02-09","HERRAMIENTAS ( 10 )","CORREAS 5425","CORREAS 15425",1,"UND",200,200]
["2016-02-09","HERRAMIENTAS ( 10 )","CORREAS AX53","CORREAS HERCULES AX53",3,"UND",400,1200]
["2016-02-09","OTROS ( 12 )","C.A.H.C","CORREAS AIRE HYUNDAY F-01",2,"UND",2242,4484]
["2016-02-09","OTROS ( 12 )","CATHC","C.ATERNADOR HYUNDAY F-01",2,"UND",1298,2596]
["2016-02-09","HERRAMIENTAS ( 10 )","CRUCETA GMB","CRUCETA GMB",2,"UND",475,950]
["2016-02-09","OTROS ( 12 )","C.P.C.T","CUBRE POLVO TS-6000",1,"UND",624.57399999999996,624.57399999999996]
["2016-02-09","OTROS ( 12 )","CPTD5","CUBRE POLVO P/ TD5-100",2,"UND",885,1770]
["2016-02-09","OTROS ( 12 )","D.F.TS","DISCO D/FRENO TS-6000",2,"UND",2596,5192]
["2016-02-09","FILTROS TALLER ( 24 )","F A","FILTRO AIRE 16546-T3400",4,"UND",304,1216]
["2016-02-09","FILTROS TALLER ( 24 )","F, A","FILTRO AIRE A5005",3,"UND",799.44203000000005,2398.32609]
["2016-02-09","FILTROS TALLER ( 24 )","F,A.","FILTRO AIRE 87344135",9,"UND",3759.48,33835.32]
["2016-02-09","FILTROS TALLER ( 24 )","F,H","FILTRO H. NW  BT8899",4,"UND",2970.06,11880.24]
["2016-02-09","FILTROS TALLER ( 24 )","FA,,","FILTRO AIRE 87344136",9,"UND",1880.92,16928.28]
["2016-02-09","FILTROS TALLER ( 24 )","FA. J5570","FILTRO AIRE 16546-J5570",3,"UND",542.79999999999995,1628.3999999999999]
["2016-02-09","FILTROS TALLER ( 24 )","FA1172","FILTRO AIRE 117200090150",6,"UND",1587.1,9522.5999999999985]
["2016-02-09","FILTROS TALLER ( 24 )","FA170801","FILTRO AIRE MIT. DAH. 17801-87303",4,"UND",941.64,3766.56]
["2016-02-09","FILTROS TALLER ( 24 )","FA8AF-7-5842","FILTRO AIRE 8AF-7-5842",2,"UND",892.31600000000003,1784.6320000000001]
["2016-02-09","FILTROS TALLER ( 24 )","FAA-20","FILTRO ACEITE A-20",3,"UND",1056.0999999999999,3168.2999999999997]
["2016-02-09","FILTROS TALLER ( 24 )","FAA-223","FILTRO ACITE A-223 PLUS",2,"UND",270.81,541.62]
["2017-10-05","FILTROS TALLER ( 24 )","FAA54SP","FILTRO ACITE A-54SP TRACTOR N.H.",3,"UND",389.4,1168.1999999999998]
["2017-03-09","FILTROS TALLER ( 24 )","FAA5541","FILTRO AIRE 46562 A5541",6,"UND",1453.17,8719.02]
["2017-03-09","FILTROS TALLER ( 24 )","FAAD56","FILTRO ACEITE 4D56 AD-51343",10,"UND",354,3540]
["2017-03-09","FILTROS TALLER ( 24 )","FAB7179","FILTRO ACEITE B-7179",5,"UND",531,2655]
["2017-03-09","FILTROS TALLER ( 24 )","FABT1600","FILTRO ACEITE BT 838257421PF1600",3,"UND",2883.92,8651.76]
["2017-03-09","FILTROS TALLER ( 24 )","FABT9471","FILTRO ACEITE BT-9471",7,"UND",1204.78,8433.4599999999991]
["2017-03-09","FILTROS TALLER ( 24 )","FAC,","FILTRO AIRE CANTER ME017242",3,"UND",767,2301]
["2016-02-09","FILTROS TALLER ( 24 )","FAC-1008","FILTRO ACEITE C-1008",7,"UND",604.48181999999997,4231.3727399999998]
["2016-02-09","FILTROS TALLER ( 24 )","FAC71791","FILTRO ACEITE CAMION M. 51791",6,"UND",472,{"$f":"+G737*E737","v":2832}]
["2016-02-09","FILTROS TALLER ( 24 )","FACAN","FILTRO AIRE CANTER",3,"UND",767,2301]
["2016-02-09","FILTROS TALLER ( 24 )","FAD.","FILTRO AIRE DAH.178001-87003",4,"UND",960.52,3842.08]
["2016-02-09","FILTROS TALLER ( 24 )","FAFD22","FILTRO AIRE F.D22QD32VM00A",1,"UND",236,236]
["2016-02-09","FILTROS TALLER ( 24 )","FAM17801-50040","FILTRO AIRE MOTOR 17801-50040",5,"UND",290.27999999999997,1451.3999999999999]
["2016-02-09","FILTROS TALLER ( 24 )","FAMO","FILTRO AIRE MOTERO 01",3,"UND",1003,3009]
["2016-02-09","FILTROS TALLER ( 24 )","FANF","FILTRO AIRE NISSAN F. 16546-25601",10,"UND",672.33333000000005,6723.3333000000002]
["2016-02-09","FILTROS TALLER ( 24 )","FANH","FILTRO ACEITE N.H.57794 BT8899",1,"UND",2200.6999999999998,2200.6999999999998]
["2016-02-09","FILTROS TALLER ( 24 )","FATD-008","FILTRO AIRE 82008600",4,"UND",4839.18,19356.72]
["2016-02-09","FILTROS TALLER ( 24 )","FATF008.","FILTRO AIRE 82008601",4,"UND",389.4,1557.6]
["2016-02-09","FILTROS TALLER ( 24 )","FAUA5540","FILTRO AIRE UNIV 46569 A5540",6,"UND",1925.76,11554.56]
["2016-02-09","FILTROS TALLER ( 24 )","FAW719/15","FILTRO ACEITE W719/15",2,"UND",433.65,867.3]
["2016-02-09","FILTROS TALLER ( 24 )","FG FC-1022","FILTRO GASOIL FC-1022",1,"UND",313.88,313.88]
["2016-02-09","FILTROS TALLER ( 24 )","FG PS-6643","FILTRO GASOIL PS-6643",4,"UND",1085.0325,4340.13]
["2016-02-09","FILTROS TALLER ( 24 )","FG14B","FILTRO G.14B UNION 4053",5,"UND",188.8,944]
["2016-02-09","FILTROS TALLER ( 24 )","FGA,","FILTRO GASOIL FC1104",5,"UND",216.25488000000001,1081.2744]
["2016-02-09","FILTROS TALLER ( 24 )","FGA-33358","FILTRO GASOIL A-33358",4,"UND",398.25,1593]
["2016-02-09","FILTROS TALLER ( 24 )","FGBF7608","FILTRO GASOIL BF7608",2,"UND",775.26,1550.52]
["2016-02-09","FILTROS TALLER ( 24 )","FGBF884","FILTRO GASOIL BF 884",3,"UND",1189.1096,3567.3288000000002]
["2016-02-09","FILTROS TALLER ( 24 )","FGFORD","FILTRO GASOIL FORD73 33417",2,"UND",802.4,1604.8]
["2016-02-09","FILTROS TALLER ( 24 )","FGMIT.","FILTRO GASOIL MIT.A-292",3,"UND",259.60000000000002,778.80000000000007]
["2016-02-09","FILTROS TALLER ( 24 )","FGNTD27","FILTRO GASOIL N.TD27 FC-1806",1,"UND",236,236]
["2016-02-09","FILTROS TALLER ( 24 )","FGSFF-J","FILTRO GASOIL SFF-J7056-64010",4,"UND",487.82233000000002,1951.2893200000001]
["2016-02-09","FILTROS TALLER ( 24 )","FIL A","FILTRO AIRE 16405-02N10",3,"UND",173.20414,519.61241999999993]
["2016-02-09","FILTROS TALLER ( 24 )","FL3321","FILTROS L3321",19,"UND",472,8968]
["2016-02-09","FILTROS TALLER ( 24 )","F ACEI. LU.FINPH6715","FILTRO ACEITE LUB.FIN.PH6715 FORD 6610",5,"UND",379.31,1896.55]
["2016-02-09","FILTROS TALLER ( 24 )","F ACEI. WIX 51602","FILTRO ACEITE PLANTA CUMMINS",8,"UND",270,2160]
["2016-02-09","FILTROS TALLER ( 24 )","F ACEI.BALD.BD355","FILTRO ACEITE MITSUBISHI ",3,"UND",410,1230]
["2016-02-09","FILTROS TALLER ( 24 )","F ACEI.FLET.G.LF3345","FILTRO ACEITE PLANT.CUMMINS",1,"UND",256.35199999999998,256.35199999999998]
["2016-02-09","FILTROS TALLER ( 24 )","F ACEI.WIX 51607","FILTRO ACEITE PLANT.CUMINS",5,"UND",125,625]
["2016-02-09","FILTROS TALLER ( 24 )","F GAS 23390-64480","FILTRO GS.TANAKA PRADO",2,"UND",521,1042]
["2016-02-09","FILTROS TALLER ( 24 )","F GAS. 23390-OL010","FILTRO GASOIL HILUX",2,"UND",290,580]
["2016-02-09","FILTROS TALLER ( 24 )","F GAS. BALD.BF1205-S","FILTRO GASOIL NEW.HOL.6000",7,"UND",917.29304000000002,6421.0512799999997]
["2016-02-09","FILTROS TALLER ( 24 )","F GAS. BALD.P7088","FILTRO GASOIL PLANT. CATERP.",5,"UND",420,2100]
["2016-02-09","FILTROS TALLER ( 24 )","F GAS. BALDWIN FP-10","FILTRO GASOIL PLANT. CATERP.",2,"UND",241,482]
["2016-02-09","FILTROS TALLER ( 24 )","F GAS. LFF-8930","FILTRO GASOIL TOYOTA RUNNER",6,"UND",521,3126]
["2016-02-09","FILTROS TALLER ( 24 )","F GAS. WIX 33138","FILTRO GASOIL TOYOTA",3,"UND",236,708]
["2016-02-09","FILTROS TALLER ( 24 )","F GAS. WIX 33196","FILTRO GASOIL NEW HOL. TS120",1,"UND",742,742]
["2016-02-09","FILTROS TALLER ( 24 )","F GAS. WIX 33352","FILTRO GASOIL PLANTA CATERP.",2,"UND",330,660]
["2016-02-09","FILTROS TALLER ( 24 )","F GAS. WIX 33386","FILTRO GASOIL CAMION CANTER",2,"UND",397,794]
["2016-02-09","FILTROS TALLER ( 24 )","F GAS.33239 ","FILTRO GASOIL INTERN.Y/O COMASU",8,"UND",267,2136]
["2016-02-09","FILTROS TALLER ( 24 )","F GAS.BALD.BF7532","FILTRO GASOIL NISSAN CIVILIAN",2,"UND",367,734]
["2016-02-09","FILTROS TALLER ( 24 )","F GAS.LUB.F.FP-941F","FILTRO G. MITS. 5103-0015",2,"UND",312,624]
["2020-01-31","FILTROS TALLER ( 24 )","F HID.F.G.51712","FILTRO HIDRAU. NISSAN FRONTIER",2,"UND",669,1338]
["2020-01-31","FILTROS TALLER ( 24 )","F HID.WIX 51791","FILTRO HIDRAUL. PLANTA CATERP.",1,"UND",330,330]
["2020-01-31","FILTROS TALLER ( 24 )","FA. 52087","FILTRO AIRE PUROL.PLANTA CATERPILAR",4,"UND",1900,7600]
["2020-01-31","FILTROS TALLER ( 24 )","FA. CA1588SY FORD","FILTRO AIRE FORD 6610",2,"UND",1136.5,2273]
["2020-01-31","FILTROS TALLER ( 24 )","FA. LAF 1741","FILTRO  AIRE TRACTOR YANMAR",2,"UND",2035,4070]
["2020-01-31","FILTROS TALLER ( 24 )","FA. N/R","FILTRO AIRE N/R PLANTA CUMINGS",1,"UND",1002,1002]
["2020-01-31","FILTROS TALLER ( 24 )","FA. PA2432  FORD ","FILTRO AIRE FORD 6610",1,"UND",997,997]
["2020-01-31","FILTROS TALLER ( 24 )","FA. WIX 42852 ","FILTRO AIRE PLANTA CATERPILAR",2,"UND",1895,3790]
["2020-01-31","FILTROS TALLER ( 24 )","FA.17801-0C010","FILTRO AIRE HILUX",2,"UND",305,610]
["2020-01-31","FILTROS TALLER ( 24 )","FA.17801-56010 ","FILTRO AIRE CAMION DAIHATSU",2,"UND",455,910]
["2020-01-31","FILTROS TALLER ( 24 )","10-B6","FILTRO ACEITE 20639610 10-B6",10,"UND",708,7080]
["2020-01-31","FILTROS TALLER ( 24 )","5450","FILTRO AIRE AC5450",8,"UND",7906,63248]
["2020-01-31","FILTROS TALLER ( 24 )","C.A.5450","FILTRO AIRE 549276 CA5450",8,"UND",5310,42480]
["2020-01-31","HERRAMIENTAS ( 10 )","FLASH DIRECCIONAL","FLAS DIRECCIONAL",1,"UND",275,275]
["2020-01-31","HERRAMIENTAS ( 10 )","14924","GOMAS P/T 14-9-24",2,"UND",26483.992620000001,52967.985240000002]
["2020-01-31","HERRAMIENTAS ( 10 )","G-18434","GOMAS 18-4-34",2,"UND",51257.49785,102514.9957]
["2020-01-31","NEMATICOS ( 5 )","G235.","GOMAS 235-75/15",4,"UND",9019.5660000000007,36078.264000000003]
["2020-01-31","OTROS ( 12 )","G18-430","GOMAS 18-4-30 RI",5,"UND",33669.553599999999,168347.76799999998]
["2020-02-01","OTROS ( 12 )","G460/85/R38","GOMAS 460/85/R38",1,"UND",71980,71980]
["2020-02-02","HERRAMIENTAS ( 10 )","JUNTA DEL KRANK","JUNTA DEL KRANK",1,"UND",6703.5564000000004,6703.5564000000004]
["2020-02-03","HERRAMIENTAS ( 10 )","MANGUERA.","MANGUERA HIDRAULICA",2,"UND",3543.2699400000001,7086.5398800000003]
["2020-02-04","OTROS ( 12 )","MACMC","MOTOR ARRANQUE CAMION MITSUBISHI CANTER",1,"UND",14500.0052,{"$f":"+G801*E801","v":14500.0052}]
["2020-02-05","OTROS ( 12 )","MTTD5","MOTOR ARRANQUE TD5-100",1,"UND",60586.232109999997,60586.232109999997]
["2020-02-06","BOMBAS ( 8 )","BFTN","BOMBA FRENO TRASERO N.C.1993",1,"UND",6490,6490]
["2020-02-07","OTROS ( 12 )","AB 2 1/2","ABRAZADERA 2 1/2",1,"UND",97.94,97.94]
["2020-02-08","OTROS ( 12 )","AB2","ABRAZADERA 2",6,"UND",87.32,523.91999999999996]
["2020-02-09","OTROS ( 12 )","AL12.","ALAMBRE ELECTRICO ROJO #12",25,"PIES",16.52,413]
["2020-02-10","OTROS ( 12 )","ALA.","ALAMBRE AUTOMOTRIZ NEGRO #16",25,"PIES",87.733239999999995,2193.3309999999997]
["2020-02-11","OTROS ( 12 )","ALA12.","ALAMBRE ELECTRICO NEGRO #12",25,"PIES",16.52,413]
["2020-02-12","OTROS ( 12 )","ALAN.","ALAMBRE AUTOMOTRIZ ROJO #16",25,"PIES",87.733239999999995,2193.3309999999997]
["2020-02-13","OTROS ( 12 )","AR1/2.","ALAMBRE ROJO DE 1/2 PARA BATERIA",20,"PIES",312.7,6254]
["2020-02-14","OTROS ( 12 )","AR15","AROS RASTRA #15",2,"UND",8250,16500]
["2020-02-15","OTROS ( 12 )","ARN1/2.","ALAMBRE NEGRO DE 1/2  PARA BATERIA",20,"PIES",200.6,4012]
["2020-02-16","OTROS ( 12 )","B12V21W","BOMBILLOS 12V 21W",9,"UND",593.70519999999999,5343.3468000000003]
["2020-02-17","OTROS ( 12 )","BBE.","BUSHING BARRA ESTAB. L200",2,"UND",960,1920]
["2020-02-18","OTROS ( 12 )","BBTTD5","BABY BIELA T. TD5-100",1,"UND",2985.4,2985.4]
["2020-02-19","OTROS ( 12 )","BC..","BABIT CIG TD27 QD32 STD TAHO",1,"UND",1974.9659999999999,1974.9659999999999]
["2020-02-20","OTROS ( 12 )","BCA","BUSHING CATRE ABAJO L200",2,"UND",960,1920]
["2020-02-21","OTROS ( 12 )","BCA,","BUSHING CATRE ARRIBA L200 ",2,"UND",960,1920]
["2020-02-22","OTROS ( 12 )","BCLA.","BOMBA CLOUCH DE ARRIBA",1,"UND",1850.0039999999999,1850.0039999999999]
["2020-02-23","OTROS ( 12 )","BCTD27","BABIT CIG STD TD27 QD32 NDC",1,"UND",950.00620000000004,950.00620000000004]
["2020-02-24","OTROS ( 12 )","BFCDD","BANDA FRENO COMP. D.D.2006",2,"UND",3600.0030000000002,7200.0060000000003]
["2020-02-25","OTROS ( 12 )","BFCHC","BANDA FRENO COMP. H.C. MOD.2002",2,"UND",3649.9760000000001,7299.9520000000002]
["2020-02-26","OTROS ( 12 )","BFCM","BANDA FRENO COMP. M. MOD.2002",2,"UND",3799.9882200000002,7599.9764400000004]
["2020-02-27","OTROS ( 12 )","BHM","BUSHING HOJA MUELLE L200",3,"UND",960,2880]
["2020-02-28","OTROS ( 12 )","BLTNH.","BOMBA LUBICACION T. NH.",1,"UND",15264.48,15264.48]
["2020-02-29","OTROS ( 12 )","BLTTD5","BOMBA LUBICAION T TD5-100",1,"UND",23364,23364]
["2020-03-01","OTROS ( 12 )","CBX46","CORREA B X 46",1,"UND",1546,1546]
["2020-03-02","OTROS ( 12 )","CDD.","CASQUILLO DAH.DELANTERO",1,"UND",1500,1500]
["2020-03-03","OTROS ( 12 )","CDEL","CRUCETA DELTA ",3,"UND",1064.9972,3194.9916000000003]
["2020-03-04","OTROS ( 12 )","CPR","CHUMACERA P/RASTRA",1,"UND",10620,10620]
["2020-03-05","OTROS ( 12 )","CR,","COLLARINGN RASA",1,"UND",1650.0057999999999,1650.0057999999999]
["2020-03-06","OTROS ( 12 )","CRT","CAJA RIN P/TRACTORES",1,"UND",9062.4,9062.4]
["2020-03-07","OTROS ( 12 )","CT,.","CORREA TRACTOR",1,"UND",2891,2891]
["2020-03-08","OTROS ( 12 )","DC","DISCO DE CLOUCH",1,"UND",7080,7080]
["2020-03-09","OTROS ( 12 )","DCTTD5","DISCO CLUCH T TD5-100",1,"UND",11115.6,11115.6]
["2020-03-10","OTROS ( 12 )","ER18","EJE DE RASTRA 18",3,"UND",44812.293599999997,134436.88079999998]
["2020-03-11","OTROS ( 12 )","EXT","EXTENCION ELECTRICA DE 50 PIE DE 110 VOL",1,"UND",1441.96,1441.96]
["2020-03-12","OTROS ( 12 )","F.10","FUSIBLE #10 DE MUELITA",5,"UND",74.811999999999998,374.06]
["2020-03-13","OTROS ( 12 )","F15","FUSIBLE #15 DE MUELITA",5,"UND",92.574539999999999,462.87270000000001]
["2020-03-14","OTROS ( 12 )","F20","FUSIBLE #20 DE CARTUCHO DE VIDRIO",5,"UND",5.9,29.5]
["2020-03-15","OTROS ( 12 )","F25","FUSIBLE #25 DE MUELITA",5,"UND",72.451999999999998,362.26]
["2020-03-16","OTROS ( 12 )","F30","FUSIBLE #30 DE MUELITA",5,"UND",74.34,371.70000000000005]
["2020-03-17","OTROS ( 12 )","FA. 1714","FILTRO AIRE LAF 1714",2,"UND",800,1600]
["2020-03-18","OTROS ( 12 )","FA.BT8420","FILTRO ACEITE BT 8420",2,"UND",670,1340]
["2020-03-19","OTROS ( 12 )","FA9275","FILTRO AIRE 9275",1,"UND",1315.95461,1315.95461]
["2020-03-20","OTROS ( 12 )","FA9276,","FILTRO AIRE 9276",1,"UND",1111.56,1111.56]
["2020-03-21","OTROS ( 12 )","FAL3321","FILTRO ACEITE L3321",6,"UND",460.2,2761.2]
["2020-03-22","OTROS ( 12 )","FAM","FILTRO ACEITE MITS. 1500A098",2,"UND",1029.55,2059.1]
["2020-03-23","OTROS ( 12 )","FAM,","FILTRO AIRE MITSUBISHI",5,"UND",701.39200000000005,3506.96]
["2020-03-24","OTROS ( 12 )","FAPH","FILTRO ACEITE PH8A",6,"UND",211.86364,1271.18184]
["2020-03-25","OTROS ( 12 )","FH3373K","FILTRO HID. 3373K758-AA",3,"UND",3000,9000]
["2020-03-26","OTROS ( 12 )","FPA","FILTRO PEQ. AIRE GOLD",1,"UND",800,800]
["2020-03-27","OTROS ( 12 )","FUS10","FUSIBLE 10",1,"UND",33.04,33.04]
["2020-03-28","OTROS ( 12 )","FUS15","FUSIBLE 15",3,"UND",44.84,134.52000000000001]
["2020-03-29","OTROS ( 12 )","FUS20","FUSIBLE 20",1,"UND",90.623999999999995,90.623999999999995]
["2020-03-30","OTROS ( 12 )","FUS30","FUSIBLE 30",1,"UND",67.260000000000005,67.260000000000005]
["2020-03-31","OTROS ( 12 )","G.700R16","GOMAS 700R16",5,"UND",8550.4615400000002,42752.307700000005]
["2020-04-01","OTROS ( 12 )","G245-70R16","GOMAS 245-70R16 ",6,"UND",6254,37524]
["2020-04-02","OTROS ( 12 )","G420/85/R28","GOMAS 420/85/R28",3,"UND",47495,142485]
["2020-04-03","OTROS ( 12 )","JALON","JALON",1,"UND",9800,9800]
["2020-04-04","OTROS ( 12 )","JATTD5","JUEGO ANILLA T.NH. TD5-100",1,"UND",4698.76,4698.76]
["2020-04-05","OTROS ( 12 )","JBDNF5","JUEGO BANDA DELANTERO N.",1,"UND",1545.8,1545.8]
["2020-04-06","OTROS ( 12 )","JBFTN","JUEGO BANDA FRENO TRAS.N.C.1993",2,"UND",3900.0003000000002,7800.0006000000003]
["2020-04-07","OTROS ( 12 )","JBTNF5","JUEGO BANDA TRASERO N.",1,"UND",2616.06,2616.06]
["2020-04-08","OTROS ( 12 )","JCF019","JUNTA CULATA  (TD5-100)",1,"UND",2230.1999999999998,{"$f":"+G865*E865","v":2230.1999999999998}]
["2020-04-09","OTROS ( 12 )","JJQD32","JUEGO JUNTA QD32",1,"UND",3950.0028000000002,3950.0028000000002]
["2020-04-10","OTROS ( 12 )","KBKM","KOMBAT BRAKET BANDA MIST. C.",1,"UND",800,800]
["2020-04-11","OTROS ( 12 )","KRTD","KIT RETENEDORA TREN DEL. NH.",1,"UND",15608.544400000001,15608.544400000001]
["2020-04-12","OTROS ( 12 )","LV18","LIMPIA VIDRIO 18",2,"UND",570.17600000000004,1140.3520000000001]
["2020-04-13","OTROS ( 12 )","LV24HC","LIMPIA VIDRIO N.24 (H.C. F001)",1,"UND",1860.9426000000001,1860.9426000000001]
["2020-04-14","OTROS ( 12 )","LV26HC","LIMPIA VIDRIO N.26 (H.C. F001)",2,"UND",1973.7270000000001,3947.4540000000002]
["2020-04-15","OTROS ( 12 )","LVD20NF","LIMPIA VIDRIO D. N.20 (N.F. F005)",12,"UND",1691.7660000000001,20301.192000000003]
["2020-04-16","OTROS ( 12 )","LVD26","LIMPIA VIDRIO D. N.26 (J.P.)",1,"UND",1973.5735999999999,1973.5735999999999]
["2020-04-17","OTROS ( 12 )","LVDN18NF","LIMPIA VIDRIO D. N.18 (N.F. F005)",12,"UND",1738.7536,20865.0432]
["2020-04-18","OTROS ( 12 )","LVG16JP","LIMPIA V. GUARDIAN T. N16 (J.P.)",1,"UND",1644.7665999999999,1644.7665999999999]
["2020-04-19","OTROS ( 12 )","MANGR.","MANGUERA P/RASTRA",3,"UND",4583.12,13749.36]
["2020-04-20","OTROS ( 12 )","MAP/TTS120","MOTOR ARRANQUE P/T.NH. TS120",1,"UND",29911.583999999999,29911.583999999999]
["2020-04-21","OTROS ( 12 )","MAP/TVL","MOTOR ARRANQUE P/T.VALTRA. BL88",1,"UND",28281.237000000001,28281.237000000001]
["2020-04-22","OTROS ( 12 )","MR.","MANGUERA RADIADOR 188286-C",1,"UND",530,530]
["2020-04-23","OTROS ( 12 )","P.B.TS","PLATO DE BOLA TS-6000",1,"UND",67024.896800000002,67024.896800000002]
["2020-04-24","OTROS ( 12 )","PCLOUCH","PLATO DE CLOUCH",1,"UND",9440,9440]
["2020-04-25","OTROS ( 12 )","PCTTD5","PLATO CLOCHE T TD5-100",1,"UND",49560,49560]
["2020-04-26","OTROS ( 12 )","PL7","PANTALLA LED 7",2,"UND",1350.0026,2700.0052000000001]
["2020-04-27","OTROS ( 12 )","PLF.","PINTA LIQUIDO FRENO",13,"UND",111.58374999999999,1450.5887499999999]
["2020-04-28","OTROS ( 12 )","PMNH","PIÑON DEL MEDIO NH TS6000",2,"UND",5664,11328]
["2020-04-29","OTROS ( 12 )","PPDNH.","PIÑON PIÑA DEL.NH. TS6000",3,"UND",4818.8014000000003,14456.404200000001]
["2020-04-30","OTROS ( 12 )","PWD-40","PENETRANTE WD-40 6.6 OE ",11,"UND",227.43018000000001,2501.73198]
["2020-05-01","OTROS ( 12 )","R.67010","ROLLBEARING 67010",1,"UND",780,780]
["2020-05-02","OTROS ( 12 )","R29685/20","ROLLBEARING N.29685/20",1,"UND",550,550]
["2020-05-03","OTROS ( 12 )","RCDTNH","RETENEDORA CAJA DOBLE TNH.",1,"UND",1209.5,1209.5]
["2020-05-04","OTROS ( 12 )","RPDT","RETENEDORA PIÑA DELANT. T. TS-120",1,"UND",1800,1800]
["2020-05-05","OTROS ( 12 )","RVC","RETENDEDOR VOLANTA DE CLOUCH",1,"UND",2242,2242]
["2020-05-06","OTROS ( 12 )","SEPARA D. F.","SEPARADORES FRENO N.W.",2,"UND",991.69560000000001,1983.3912]
["2020-05-07","OTROS ( 12 )","SETD5","SWICH ENSENDIDO T. TD5-100",1,"UND",6136,6136]
["2020-05-08","OTROS ( 12 )","SPDNH","SUNCHO PIÑA DEL. NH. TS6000",1,"UND",18608.895,18608.895]
["2020-05-09","OTROS ( 12 )","SRGTD5","SINCRONICO REVERSA C/G",1,"UND",25960,25960]
["2020-05-10","OTROS ( 12 )","STM","SELLO TRASERO MOTOR",1,"UND",2342.5477999999998,2342.5477999999998]
["2020-05-11","OTROS ( 12 )","T-18-4-30","TUBOS P/G 18-4-30-RI",2,"UND",2990.3560000000002,5980.7120000000004]
["2020-05-12","OTROS ( 12 )","T420/85","TUBOS P 420/85/R28",1,"UND",3451.5,3451.5]
["2020-05-13","OTROS ( 12 )","T460/85","TUBOS P 460/85/R38",1,"UND",4897,4897]
["2020-05-14","OTROS ( 12 )","TA.85W-140","TANQUE AC. 85W-140",2,"UND",46834.2,93668.4]
["2020-05-15","OTROS ( 12 )","TA10W30H","TANQUE ACEITE 10W30 H.S.",2,"UND",44020.313000000002,88040.626000000004]
["2020-05-16","OTROS ( 12 )","TBP,","TAZA BOLA DE LA PIÑA RAST. 6306",1,"UND",2000,2000]
["2020-05-17","OTROS ( 12 )","TC.7/8X3","TORNILLO CHUMACERA 7/8/X3",12,"UND",330.4,3964.7999999999997]
["2020-05-18","OTROS ( 12 )","TEM","TERMINALES MACHO DE 1/2 PARA BATERIA",10,"UND",181.72,1817.2]
["2020-05-19","OTROS ( 12 )","TER","TERMINALES HEMBRA DE 1/2 PARA BATERIA",10,"UND",181.72,1817.2]
["2020-05-20","OTROS ( 12 )","TERM.H.","TERMINALES HEMBRA 10",50,"UND",170.17959999999999,8508.98]
["2020-05-21","OTROS ( 12 )","TFT","TETERA FRENO TRACTOR",1,"UND",413,413]
["2020-05-22","OTROS ( 12 )","TTDT.","TAZA TREN DELANT. TR.TS-6000",1,"UND",2000,2000]
["2020-05-23","OTROS ( 12 )","TURBO","TURBO MOTOR TS-6000",1,"UND",115781.9776,115781.9776]
["2020-05-24","OTROS ( 12 )","TURBO BL88","TURBO P/ VALTRA BL88",1,"UND",87084,87084]
["2020-05-25","OTROS ( 12 )","VPCDTNH","VALVULA PRESION CAJA DOBLE (TNH)",1,"UND",22739.909800000001,22739.909800000001]
["2020-05-26","OTROS ( 12 )","PHMR","PICHUETE HEMBRA P/RASTRA",5,"UND",5289.94,26449.699999999997]
["2020-05-27","OTROS ( 12 )","PMMR","PICHUETE MACHO P/RASTRA",6,"UND",531,3186]
["2020-05-28","OTROS ( 12 )","P.P.TS","PIÑONPLANETARIOTS-6000",2,"UND",5555.8293999999996,11111.658799999999]
["2020-05-29","OTROS ( 12 )","PPTD5","PIÑONESPLANETARIOTD5-100",2,"UND",6702.4,13404.8]
["2020-05-30","OTROS ( 12 )","PMTP","PIÑON MED.TAPA PIÑA TD5-100",1,"UND",7853.49,7853.49]
["2020-05-31","HERRAMIENTAS ( 10 )","PLUG BOMBILLO H4","PLUG BOMILLO H4",1,"UND",40,40]
["2020-06-01","HERRAMIENTAS ( 10 )","RELOJ K300-465","RELOJ PRESION ACEITE",1,"UND",750,750]
["2020-06-02","HERRAMIENTAS ( 10 )","RELOJ K300-478","RELOJ GENERACION TRACTORES",1,"UND",400,400]
["2020-06-03","HERRAMIENTAS ( 10 )","G265-65-17","GOMAS 265-65-17",4,"UND",7847,31388]
["2020-06-04","OTROS ( 12 )","R.T.P.C","RET.PUN.EJE.CORTA TS-6000",1,"UND",1463.318,1463.318]
["2020-06-05","OTROS ( 12 )","R.T.P.L","RET.PUN.EJE.LARGA TS-6000",1,"UND",1310.626,1310.626]
["2020-06-06","OTROS ( 12 )","RETE","RET.PUN.EJE.LARGA TD5-100",1,"UND",1850.24,1850.24]
["2020-06-07","OTROS ( 12 )","RETE,","RET.PUN.EJE.CORTA TD5-100",1,"UND",1167.5155999999999,1167.5155999999999]
["2020-06-08","OTROS ( 12 )","RTCMHC","RETE.TRASERA CIGUEÑAL MINIBUS HYUNDAY C.",1,"UND",1121,1121]
["2020-06-09","HERRAMIENTAS ( 10 )","ROLBEARING 32208M","ROLBEARING TIMKIN 32208",7,"UND",1038,7266]
["2020-06-10","HERRAMIENTAS ( 10 )","ROLBEARING 33207.A","ROLBEARING SNR 33207.A",2,"UND",550,1100]
["2020-06-11","HERRAMIENTAS ( 10 )","ROLBEARING 6305.ZZ.J","ROLBEARING SNR 6305.ZZJR.",1,"UND",270,{"$f":"+G929*E929","v":270}]
["2020-06-12","HERRAMIENTAS ( 10 )","ROLBEARING 802048","ROLBEARING FEDERAL MOGEL",1,"UND",916.66666999999995,916.66666999999995]
["2020-06-13","HERRAMIENTAS ( 10 )","ROLBEARING LM67048/1","ROLBEARING KOYO LM67048/10",10,"UND",310,3100]
["2020-06-14","HERRAMIENTAS ( 10 )","ROLBEARING M86649/10","ROLBEARING NBR M86649/10",2,"UND",550,1100]
["2020-06-15","OTROS ( 12 )","RCTTP","RODAMIENTO DE CORREA TIEMPO TOYOTA PRADO",1,"UND",6608,6608]
["2020-06-16","HERRAMIENTAS ( 10 )","ROL","ROLLBEARING 30210",1,"UND",2442.8123999999998,2442.8123999999998]
["2020-06-17","HERRAMIENTAS ( 10 )","ROLLB","ROLLBEARING 12649",4,"UND",967.55555000000004,3870.2222000000002]
["2020-06-18","OTROS ( 12 )","R3610","ROLLBERING 3610 PIÑA  D. T.",1,"UND",960,960]
["2020-06-19","OTROS ( 12 )","RC,,","ROLLBEARING 30210 P/CHUMACERA",2,"UND",1241.3599999999999,2482.7199999999998]
["2020-06-20","OTROS ( 12 )","RC..","ROLLBEARING 30207 P/CHUMACERA",1,"UND",1046.896,1046.896]
["2020-06-21","OTROS ( 12 )","ROLLBE","ROLLBEARING ROD.TD5100",2,"UND",6898.28,13796.56]
["2020-06-22","OTROS ( 12 )","RT6610","ROLBEARING 501349-10 T.6610",1,"UND",960,960]
["2020-06-23","HERRAMIENTAS ( 10 )","ROLL BEARIN PE PUN E","ROLL BEARIN PEQUEÑO PUNTA EJE",1,"1 KG",782.81,782.81]
["2020-06-24","OTROS ( 12 )","ROLOS","ROLOS RASTRA",8,"UND",636.65124000000003,5093.2099200000002]
["2020-06-25","OTROS ( 12 )","SELL","SELLO ROD.TS-6000",1,"UND",6286.3792000000003,6286.3792000000003]
["2020-06-26","OTROS ( 12 )","SELLOS","SELLO ROD.TD5-100",1,"UND",3928.1019999999999,3928.1019999999999]
["2020-06-27","HERRAMIENTAS ( 10 )","SOPORTE CARDAN 1","SOPORTE CARDAN 1",1,"UND",2950,2950]
["2020-06-28","HERRAMIENTAS ( 10 )","TANQ.ACEITE 15W40","TANQUE ACEITE 15W40",2,"UND",48776.283329999998,97552.566659999997]
["2020-06-29","HERRAMIENTAS ( 10 )","TANQUE ACEITE 20W50","TANQUE ACEITE 20W50",2,"UND",49082.1,98164.2]
["2020-06-30","HERRAMIENTAS ( 10 )","TANQUE.","TANQ, ACEI HIDRAUL ",2,"UND",35813,71626]
["2020-07-01","HERRAMIENTAS ( 10 )","TANQUE GRASA COPILLA","TANQUE GRASA COPILLA",2,"UND",29265.032500000001,58530.065000000002]
["2020-07-02","HERRAMIENTAS ( 10 )","TERMINALES #12","TERMINALES #12",32,"UND",5,160]
["2020-07-03","HERRAMIENTAS ( 10 )","TERMINALES #8","TERMINALES #8",46,"UND",5,230]
["2020-07-04","HERRAMIENTAS ( 10 )","TERMINALES NO.10","TERMINALES NO.10",7,"UND",4.5714300000000003,32.000010000000003]
["2020-07-05","OTROS ( 12 )","TOR,,","TORNILLO 5/8X2PULG. P/RASTRA",6,"UND",230.1,1380.6]
["2020-07-06","OTROS ( 12 )","TORR","TORNILLO 5/8X6PULG. P/JALON",6,"UND",566.4,3398.3999999999996]
["2020-07-07","OTROS ( 12 )","T.P.R","TOR.PIÑA RASTRA ½X2PULG",5,"UND",806.12879999999996,4030.6439999999998]
["2020-07-08","OTROS ( 12 )","CTA","CUBETA TRANSMISION AUT.",1,"UND",6667.59,6667.59]
["2020-07-09","HERRAMIENTAS ( 10 )","14-924","TUBOS P/G 14-9-24",3,"UND",2832,8496]
["2020-07-10","HERRAMIENTAS ( 10 )","18434","TUBOS P/G 18-4-34",2,"UND",4720.1297999999997,9440.2595999999994]
["2020-07-11","HERRAMIENTAS ( 10 )","70016","TUBOS 700X16 12 LONAS",17,"UND",849.6,14443.2]
[null,null,null,null,null,null,null,{"$f":"SUM(H672:H959)","v":3161764.460140001}]